中国县级行政区-地图版 - Statistics

General Stats
  • This quiz has been taken 373 times
  • The average score is 465 of 2891
Answers on the Map
Answers color-coded by a green-red scale on the quiz's map according to % correct below.
 
Answer Stats
省级行政区 市级行政区 县级行政区 % Correct
四川省 攀枝花市 东区
88%
香港特别行政区 香港特别行政区 东区
88%
河南省 信阳市 新县
86%
四川省 攀枝花市 西区
86%
湖南省 益阳市 南县
85%
香港特别行政区 香港特别行政区 南区
85%
香港特别行政区 香港特别行政区 北区
83%
四川省 宜宾市 高县
80%
山西省 吕梁市 临县
78%
河北省 沧州市 青县
77%
甘肃省 陇南市 文县
71%
广东省 汕尾市 城区
71%
江苏省 徐州市 丰县
71%
山西省 晋城市 城区
71%
山西省 阳泉市 城区
71%
安徽省 马鞍山市 和县
69%
北京市 北京市 东城区
69%
北京市 北京市 西城区
69%
北京市 北京市 朝阳区
67%
吉林省 长春市 朝阳区
67%
辽宁省 朝阳市 朝阳县
67%
上海市 上海市 浦东新区
67%
云南省 临沧市 云县
67%
北京市 北京市 海淀区
66%
北京市 北京市 大兴区
65%
甘肃省 庆阳市 宁县
64%
上海市 上海市 崇明区
64%
山西省 吕梁市 兴县
63%
江苏省 盐城市 滨海县
62%
天津市 天津市 滨海新区
62%
陕西省 宝鸡市 凤县
61%
陕西省 延安市 富县
61%
湖北省 十堰市 房县
60%
北京市 北京市 通州区
59%
江苏省 南通市 通州区
59%
广东省 中山市 中山市
58%
辽宁省 大连市 中山区
58%
山西省 临汾市 吉县
57%
北京市 北京市 密云区
56%
北京市 北京市 房山区
56%
广东省 广州市 白云区
56%
贵州省 贵阳市 白云区
56%
北京市 北京市 石景山区
55%
湖南省 长沙市 雨花区
54%
上海市 上海市 普陀区
54%
浙江省 舟山市 普陀区
54%
安徽省 宿州市 萧县
53%
福建省 福州市 鼓楼区
53%
广东省 广州市 南沙区
53%
广东省 广州市 黄埔区
53%
海南省 海南省 东方市
53%
海南省 三沙市 南沙区
53%
河北省 衡水市 景县
53%
河南省 开封市 鼓楼区
53%
江苏省 常州市 新北区
53%
江苏省 南京市 鼓楼区
53%
江苏省 徐州市 鼓楼区
53%
辽宁省 锦州市 义县
53%
台湾省 台湾省 新北市
53%
江西省 南昌市 西湖区
52%
上海市 上海市 金山区
52%
台湾省 台湾省 台南市
52%
浙江省 杭州市 西湖区
52%
黑龙江省 双鸭山市 宝山区
51%
上海市 上海市 宝山区
51%
四川省 自贡市 荣县
51%
台湾省 台湾省 台北市
51%
台湾省 台湾省 台东县
51%
台湾省 台湾省 台中市
51%
浙江省 宁波市 江北区
51%
重庆市 重庆市 江北区
51%
北京市 北京市 延庆区
50%
北京市 北京市 怀柔区
50%
北京市 北京市 昌平区
49%
北京市 北京市 门头沟区
49%
海南省 儋州市 儋州市
49%
江苏省 苏州市 昆山市
49%
山西省 临汾市 古县
49%
上海市 上海市 黄浦区
49%
上海市 上海市 青浦区
49%
上海市 上海市 嘉定区
49%
台湾省 台湾省 花莲县
49%
北京市 北京市 丰台区
48%
广东省 东莞市 东莞市
48%
广东省 河源市 和平县
48%
广东省 深圳市 南山区
48%
河南省 焦作市 温县
48%
黑龙江省 鹤岗市 南山区
48%
江苏省 苏州市 张家港市
48%
辽宁省 沈阳市 和平区
48%
上海市 上海市 静安区
48%
上海市 上海市 杨浦区
48%
上海市 上海市 松江区
48%
上海市 上海市 奉贤区
48%
台湾省 台湾省 高雄市
48%
天津市 天津市 和平区
48%
海南省 海南省 文昌市
47%
江苏省 南通市 启东市
47%
浙江省 杭州市 萧山区
47%
江苏省 南京市 雨花台区
46%
江苏省 苏州市 太仓市
46%
山东省 临沂市 河东区
46%
上海市 上海市 徐汇区
46%
上海市 上海市 闵行区
46%
台湾省 台湾省 嘉义县
46%
台湾省 台湾省 嘉义市
46%
台湾省 台湾省 屏东县
46%
台湾省 台湾省 桃园市
46%
天津市 天津市 河东区
46%
海南省 海南省 五指山市
45%
北京市 北京市 顺义区
44%
福建省 泉州市 金门县
44%
广东省 深圳市 宝安区
44%
四川省 甘孜藏族自治州 九龙县
44%
台湾省 台湾省 基隆市
44%
天津市 天津市 河西区
44%
安徽省 铜陵市 郊区
43%
北京市 北京市 平谷区
43%
广东省 广州市 天河区
43%
广东省 湛江市 徐闻县
43%
黑龙江省 佳木斯市 郊区
43%
山西省 阳泉市 郊区
43%
上海市 上海市 长宁区
43%
四川省 宜宾市 长宁县
43%
台湾省 台湾省 南投县
43%
浙江省 金华市 义乌市
43%
广东省 佛山市 顺德区
42%
广东省 江门市 开平市
42%
广东省 深圳市 龙华区
42%
海南省 海口市 龙华区
42%
海南省 海南省 琼中黎族苗族自治县
42%
河北省 廊坊市 三河市
42%
河北省 唐山市 开平区
42%
江苏省 南京市 江宁区
42%
四川省 泸州市 泸县
42%
台湾省 台湾省 新竹县
42%
台湾省 台湾省 新竹市
42%
天津市 天津市 蓟州区
42%
浙江省 杭州市 余杭区
42%
安徽省 淮南市 寿县
41%
福建省 泉州市 晋江市
41%
广东省 湛江市 雷州市
41%
海南省 海南省 万宁市
41%
黑龙江省 大兴安岭地区 漠河市
41%
湖南省 永州市 道县
41%
江苏省 南京市 六合区
41%
江苏省 苏州市 姑苏区
41%
江苏省 苏州市 吴中区
41%
江苏省 无锡市 江阴市
41%
天津市 天津市 河北区
41%
海南省 海南省 琼海市
40%
湖南省 长沙市 长沙县
40%
台湾省 台湾省 苗栗县
40%
天津市 天津市 南开区
40%
甘肃省 陇南市 康县
39%
广东省 深圳市 龙岗区
39%
海南省 海南省 乐东黎族自治县
39%
湖北省 湖北省 潜江市
39%
江苏省 南京市 栖霞区
39%
江苏省 苏州市 常熟市
39%
江苏省 苏州市 吴江区
39%
山东省 菏泽市 曹县
39%
山东省 青岛市 崂山区
39%
山东省 烟台市 栖霞市
39%
浙江省 杭州市 临安区
39%
浙江省 嘉兴市 海宁市
39%
甘肃省 嘉峪关市 嘉峪关市
38%
甘肃省 酒泉市 敦煌市
38%
甘肃省 陇南市 成县
38%
广东省 佛山市 南海区
38%
广西壮族自治区 桂林市 象山区
38%
海南省 海南省 陵水黎族自治县
38%
海南省 海南省 白沙黎族自治县
38%
海南省 海南省 澄迈县
38%
海南省 三沙市 西沙区
38%
河北省 廊坊市 大厂回族自治县
38%
湖北省 湖北省 天门市
38%
湖北省 湖北省 仙桃市
38%
湖北省 武汉市 武昌区
38%
江苏省 徐州市 沛县
38%
山东省 青岛市 胶州市
38%
山西省 晋中市 祁县
38%
山西省 阳泉市 矿区
38%
台湾省 台湾省 宜兰县
38%
台湾省 台湾省 彰化县
38%
天津市 天津市 北辰区
38%
浙江省 杭州市 上城区
38%
浙江省 宁波市 象山县
38%
浙江省 宁波市 慈溪市
38%
重庆市 重庆市 渝中区
38%
重庆市 重庆市 万州区
38%
安徽省 黄山市 黄山区
37%
广东省 深圳市 福田区
37%
海南省 海南省 昌江黎族自治县
37%
湖南省 湘西土家族苗族自治州 凤凰县
37%
江苏省 南京市 浦口区
37%
江西省 景德镇市 昌江区
37%
内蒙古自治区 呼伦贝尔市 满洲里市
37%
上海市 上海市 虹口区
37%
浙江省 嘉兴市 南湖区
37%
浙江省 嘉兴市 嘉善县
37%
福建省 厦门市 思明区
36%
广东省 广州市 番禺区
36%
广东省 汕尾市 陆丰市
36%
江苏省 南京市 玄武区
36%
山东省 青岛市 即墨区
36%
山东省 泰安市 泰山区
36%
新疆维吾尔自治区 和田地区 和田市
36%
新疆维吾尔自治区 和田地区 和田县
36%
安徽省 合肥市 巢湖市
35%
海南省 海南省 临高县
35%
河南省 河南省 济源市
35%
湖北省 武汉市 青山区
35%
江苏省 扬州市 高邮市
35%
内蒙古自治区 包头市 青山区
35%
山东省 济南市 市中区
35%
山东省 枣庄市 市中区
35%
四川省 阿坝藏族羌族自治州 汶川县
35%
四川省 乐山市 市中区
35%
四川省 内江市 市中区
35%
台湾省 台湾省 云林县
35%
浙江省 杭州市 富阳区
35%
浙江省 嘉兴市 平湖市
35%
福建省 福州市 连江县
34%
福建省 厦门市 集美区
34%
广东省 广州市 增城区
34%
广东省 广州市 海珠区
34%
广东省 深圳市 罗湖区
34%
海南省 海南省 屯昌县
34%
海南省 海南省 定安县
34%
河北省 石家庄市 长安区
34%
江苏省 南通市 海门区
34%
江苏省 苏州市 相城区
34%
江苏省 镇江市 扬中市
34%
青海省 海西蒙古族藏族自治州 格尔木市
34%
山东省 青岛市 市南区
34%
山东省 青岛市 市北区
34%
山东省 威海市 荣成市
34%
陕西省 西安市 长安区
34%
台湾省 台湾省 澎湖县
34%
新疆维吾尔自治区 新疆维吾尔自治区 石河子市
34%
浙江省 杭州市 拱墅区
34%
重庆市 重庆市 涪陵区
34%
重庆市 重庆市 渝北区
34%
安徽省 宿州市 泗县
33%
福建省 三明市 沙县区
33%
甘肃省 陇南市 徽县
33%
广东省 广州市 花都区
33%
广东省 广州市 从化区
33%
广东省 广州市 越秀区
33%
广东省 江门市 鹤山市
33%
广东省 汕尾市 海丰县
33%
海南省 海口市 美兰区
33%
河南省 鹤壁市 鹤山区
33%
江苏省 南京市 溧水区
33%
江苏省 南通市 海安市
33%
江苏省 南通市 如皋市
33%
江苏省 无锡市 宜兴市
33%
江苏省 无锡市 锡山区
33%
山东省 青岛市 黄岛区
33%
山东省 烟台市 莱阳市
33%
四川省 阿坝藏族羌族自治州 茂县
33%
四川省 成都市 都江堰市
33%
新疆维吾尔自治区 巴音郭楞蒙古自治州 若羌县
33%
浙江省 舟山市 嵊泗县
33%
安徽省 合肥市 肥东县
32%
安徽省 合肥市 肥西县
32%
海南省 海南省 保亭黎族苗族自治县
32%
河南省 平顶山市 叶县
32%
江苏省 常州市 溧阳市
32%
江西省 南昌市 南昌县
32%
浙江省 杭州市 滨江区
32%
浙江省 宁波市 余姚市
32%
浙江省 绍兴市 诸暨市
32%
浙江省 台州市 临海市
32%
广东省 佛山市 禅城区
31%
广东省 惠州市 惠阳区
31%
广东省 茂名市 电白区
31%
广东省 珠海市 香洲区
31%
河北省 保定市 雄县
31%
河北省 沧州市 沧县
31%
河北省 秦皇岛市 山海关区
31%
江苏省 淮安市 淮安区
31%
江苏省 南京市 秦淮区
31%
江苏省 南京市 高淳区
31%
江苏省 南通市 如东县
31%
内蒙古自治区 锡林郭勒盟 二连浩特市
31%
山东省 东营市 东营区
31%
山东省 济南市 历城区
31%
山东省 烟台市 蓬莱区
31%
四川省 阿坝藏族羌族自治州 理县
31%
天津市 天津市 宝坻区
31%
天津市 天津市 静海区
31%
天津市 天津市 西青区
31%
天津市 天津市 津南区
31%
天津市 天津市 武清区
31%
新疆维吾尔自治区 喀什地区 喀什市
31%
浙江省 杭州市 建德市
31%
浙江省 杭州市 钱塘区
31%
浙江省 嘉兴市 桐乡市
31%
浙江省 宁波市 奉化区
31%
重庆市 重庆市 南岸区
31%
安徽省 滁州市 天长市
30%
福建省 福州市 福清市
30%
广东省 佛山市 三水区
30%
广东省 茂名市 化州市
30%
广东省 茂名市 高州市
30%
广东省 深圳市 盐田区
30%
广东省 深圳市 坪山区
30%
广东省 湛江市 吴川市
30%
河北省 廊坊市 香河县
30%
河北省 邢台市 威县
30%
江苏省 淮安市 淮阴区
30%
江西省 九江市 庐山市
30%
辽宁省 葫芦岛市 龙港区
30%
青海省 黄南藏族自治州 河南蒙古族自治县
30%
青海省 玉树藏族自治州 玉树市
30%
山东省 济南市 历下区
30%
山东省 威海市 乳山市
30%
山东省 烟台市 莱州市
30%
陕西省 西安市 未央区
30%
四川省 成都市 双流区
30%
香港特别行政区 香港特别行政区 离岛区
30%
云南省 大理白族自治州 大理市
30%
浙江省 杭州市 临平区
30%
浙江省 嘉兴市 海盐县
30%
浙江省 金华市 东阳市
30%
浙江省 丽水市 龙泉市
30%
浙江省 温州市 龙港市
30%
重庆市 重庆市 巫山县
30%
安徽省 宣城市 泾县
29%
福建省 南平市 武夷山市
29%
福建省 漳州市 东山县
29%
广东省 广州市 荔湾区
29%
广东省 惠州市 惠东县
29%
广东省 深圳市 光明区
29%
广东省 湛江市 廉江市
29%
广西壮族自治区 南宁市 江南区
29%
河北省 保定市 涿州市
29%
河北省 秦皇岛市 北戴河区
29%
黑龙江省 鹤岗市 东山区
29%
湖北省 武汉市 汉阳区
29%
吉林省 延边朝鲜族自治州 延吉市
29%
江苏省 连云港市 连云区
29%
江苏省 南京市 建邺区
29%
江苏省 泰州市 靖江市
29%
江苏省 盐城市 大丰区
29%
江苏省 镇江市 丹阳市
29%
辽宁省 大连市 旅顺口区
29%
山东省 济南市 莱芜区
29%
山东省 济宁市 曲阜市
29%
山东省 烟台市 龙口市
29%
山西省 临汾市 蒲县
29%
天津市 天津市 东丽区
29%
新疆维吾尔自治区 阿勒泰地区 阿勒泰市
29%
云南省 迪庆藏族自治州 香格里拉市
29%
浙江省 杭州市 桐庐县
29%
重庆市 重庆市 沙坪坝区
29%
安徽省 黄山市 徽州区
28%
安徽省 黄山市 歙县
28%
安徽省 芜湖市 无为市
28%
甘肃省 酒泉市 玉门市
28%
甘肃省 兰州市 城关区
28%
广东省 佛山市 高明区
28%
广东省 惠州市 惠城区
28%
广东省 江门市 恩平市
28%
广东省 梅州市 大埔县
28%
广东省 清远市 英德市
28%
广东省 珠海市 金湾区
28%
河北省 邯郸市 魏县
28%
河南省 商丘市 睢县
28%
河南省 郑州市 二七区
28%
河南省 郑州市 新郑市
28%
湖北省 湖北省 神农架林区
28%
湖南省 岳阳市 岳阳县
28%
江苏省 常州市 武进区
28%
江苏省 常州市 钟楼区
28%
江苏省 连云港市 海州区
28%
江苏省 苏州市 虎丘区
28%
江苏省 泰州市 泰兴市
28%
江苏省 无锡市 惠山区
28%
江苏省 徐州市 邳州市
28%
江苏省 扬州市 仪征市
28%
江苏省 镇江市 句容市
28%
辽宁省 大连市 金州区
28%
辽宁省 丹东市 东港市
28%
辽宁省 阜新市 海州区
28%
青海省 海西蒙古族藏族自治州 乌兰县
28%
山东省 东营市 河口区
28%
山东省 日照市 东港区
28%
山西省 吕梁市 岚县
28%
山西省 运城市 夏县
28%
四川省 甘孜藏族自治州 理塘县
28%
四川省 凉山彝族自治州 西昌市
28%
西藏自治区 阿里地区 普兰县
28%
西藏自治区 拉萨市 城关区
28%
西藏自治区 林芝市 墨脱县
28%
香港特别行政区 香港特别行政区 大埔区
28%
新疆维吾尔自治区 阿克苏地区 阿克苏市
28%
新疆维吾尔自治区 昌吉回族自治州 昌吉市
28%
新疆维吾尔自治区 克拉玛依市 克拉玛依区
28%
新疆维吾尔自治区 乌鲁木齐市 乌鲁木齐县
28%
新疆维吾尔自治区 新疆维吾尔自治区 铁门关市
28%
新疆维吾尔自治区 新疆维吾尔自治区 五家渠市
28%
云南省 红河哈尼族彝族自治州 河口瑶族自治县
28%
浙江省 杭州市 淳安县
28%
浙江省 宁波市 北仑区
28%
重庆市 重庆市 北碚区
28%
重庆市 重庆市 大足区
28%
福建省 福州市 长乐区
27%
福建省 福州市 平潭县
27%
甘肃省 定西市 漳县
27%
甘肃省 庆阳市 环县
27%
广东省 云浮市 罗定市
27%
广西壮族自治区 玉林市 容县
27%
海南省 三亚市 天涯区
27%
河北省 沧州市 黄骅市
27%
湖北省 恩施土家族苗族自治州 恩施市
27%
吉林省 四平市 铁西区
27%
江苏省 连云港市 灌云县
27%
江苏省 无锡市 滨湖区
27%
江苏省 盐城市 东台市
27%
辽宁省 鞍山市 铁西区
27%
辽宁省 沈阳市 铁西区
27%
内蒙古自治区 乌海市 海南区
27%
山东省 青岛市 平度市
27%
山东省 潍坊市 青州市
27%
山东省 烟台市 海阳市
27%
新疆维吾尔自治区 新疆维吾尔自治区 昆玉市
27%
浙江省 温州市 苍南县
27%
重庆市 重庆市 九龙坡区
27%
澳门特别行政区 澳门特别行政区 澳门特别行政区
26%
福建省 泉州市 鲤城区
26%
福建省 泉州市 石狮市
26%
福建省 泉州市 南安市
26%
广东省 惠州市 龙门县
26%
广东省 江门市 台山市
26%
广东省 清远市 连州市
26%
广东省 阳江市 阳春市
26%
广东省 珠海市 斗门区
26%
广西壮族自治区 柳州市 城中区
26%
河北省 廊坊市 霸州市
26%
河南省 洛阳市 嵩县
26%
黑龙江省 佳木斯市 抚远市
26%
湖北省 十堰市 丹江口市
26%
湖南省 长沙市 浏阳市
26%
江苏省 常州市 金坛区
26%
江苏省 连云港市 灌南县
26%
江苏省 连云港市 东海县
26%
江苏省 徐州市 新沂市
26%
江苏省 镇江市 京口区
26%
江西省 南昌市 东湖区
26%
辽宁省 大连市 瓦房店市
26%
内蒙古自治区 阿拉善盟 阿拉善左旗
26%
青海省 海西蒙古族藏族自治州 德令哈市
26%
青海省 西宁市 城中区
26%
山西省 朔州市 应县
26%
陕西省 榆林市 神木市
26%
四川省 成都市 简阳市
26%
四川省 绵阳市 北川羌族自治县
26%
新疆维吾尔自治区 新疆维吾尔自治区 胡杨河市
26%
云南省 保山市 腾冲市
26%
浙江省 宁波市 镇海区
26%
浙江省 绍兴市 上虞区
26%
浙江省 台州市 温岭市
26%
浙江省 温州市 瑞安市
26%
浙江省 温州市 乐清市
26%
浙江省 舟山市 岱山县
26%
重庆市 重庆市 云阳县
26%
重庆市 重庆市 江津区
26%
重庆市 重庆市 巴南区
26%
重庆市 重庆市 荣昌区
26%
福建省 宁德市 福鼎市
25%
广东省 江门市 新会区
25%
河北省 保定市 高碑店市
25%
河北省 沧州市 新华区
25%
河北省 石家庄市 新华区
25%
河南省 平顶山市 新华区
25%
河南省 许昌市 襄城县
25%
湖北省 襄阳市 襄城区
25%
辽宁省 营口市 鲅鱼圈区
25%
内蒙古自治区 阿拉善盟 阿拉善右旗
25%
内蒙古自治区 呼和浩特市 新城区
25%
山东省 青岛市 莱西市
25%
山东省 潍坊市 寿光市
25%
山东省 烟台市 招远市
25%
山东省 烟台市 芝罘区
25%
山东省 淄博市 临淄区
25%
陕西省 西安市 雁塔区
25%
陕西省 西安市 新城区
25%
天津市 天津市 宁河区
25%
西藏自治区 那曲市 尼玛县
25%
新疆维吾尔自治区 塔城地区 塔城市
25%
新疆维吾尔自治区 新疆维吾尔自治区 北屯市
25%
云南省 德宏傣族景颇族自治州 芒市
25%
云南省 文山壮族苗族自治州 文山市
25%
浙江省 湖州市 德清县
25%
浙江省 金华市 兰溪市
25%
浙江省 宁波市 鄞州区
25%
浙江省 舟山市 定海区
25%
安徽省 安庆市 太湖县
24%
福建省 厦门市 海沧区
24%
福建省 厦门市 湖里区
24%
广东省 惠州市 博罗县
24%
广东省 梅州市 梅县区
24%
广东省 清远市 连山壮族瑶族自治县
24%
广东省 韶关市 乐昌市
24%
广东省 阳江市 阳西县
24%
广东省 肇庆市 四会市
24%
广西壮族自治区 防城港市 东兴市
24%
贵州省 黔东南苗族侗族自治州 凯里市
24%
海南省 三亚市 崖州区
24%
河北省 保定市 唐县
24%
河北省 唐山市 曹妃甸区
24%
河南省 安阳市 林州市
24%
湖北省 武汉市 江汉区
24%
湖南省 长沙市 岳麓区
24%
江苏省 淮安市 盱眙县
24%
江苏省 南通市 崇川区
24%
江苏省 泰州市 兴化市
24%
江苏省 徐州市 云龙区
24%
江苏省 盐城市 射阳县
24%
江西省 吉安市 井冈山市
24%
辽宁省 葫芦岛市 连山区
24%
内蒙古自治区 呼伦贝尔市 海拉尔区
24%
青海省 西宁市 城东区
24%
青海省 西宁市 城西区
24%
山东省 济南市 济阳区
24%
山东省 青岛市 李沧区
24%
山东省 青岛市 城阳区
24%
山东省 枣庄市 滕州市
24%
山西省 太原市 小店区
24%
陕西省 宝鸡市 陇县
24%
陕西省 渭南市 华阴市
24%
陕西省 西安市 蓝田县
24%
四川省 成都市 金牛区
24%
四川省 成都市 武侯区
24%
四川省 内江市 东兴区
24%
天津市 天津市 红桥区
24%
新疆维吾尔自治区 巴音郭楞蒙古自治州 且末县
24%
新疆维吾尔自治区 巴音郭楞蒙古自治州 库尔勒市
24%
云南省 大理白族自治州 云龙县
24%
云南省 红河哈尼族彝族自治州 红河县
24%
云南省 西双版纳傣族自治州 景洪市
24%
浙江省 湖州市 吴兴区
24%
浙江省 湖州市 安吉县
24%
浙江省 金华市 永康市
24%
浙江省 宁波市 宁海县
24%
浙江省 衢州市 江山市
24%
浙江省 绍兴市 嵊州市
24%
浙江省 绍兴市 柯桥区
24%
浙江省 台州市 玉环市
24%
重庆市 重庆市 奉节县
24%
重庆市 重庆市 开州区
24%
安徽省 滁州市 凤阳县
23%
安徽省 黄山市 黟县
23%
安徽省 宣城市 宁国市
23%
安徽省 宣城市 广德市
23%
福建省 宁德市 福安市
23%
福建省 厦门市 翔安区
23%
广东省 茂名市 信宜市
23%
广东省 梅州市 五华县
23%
广东省 清远市 清城区
23%
广东省 汕头市 南澳县
23%
广东省 汕头市 潮阳区
23%
广东省 韶关市 南雄市
23%
广东省 阳江市 阳东区
23%
广东省 阳江市 江城区
23%
广西壮族自治区 北海市 海城区
23%
广西壮族自治区 桂林市 兴安县
23%
河北省 石家庄市 正定县
23%
河北省 邢台市 清河县
23%
河南省 郑州市 管城回族区
23%
黑龙江省 鹤岗市 兴安区
23%
湖北省 武汉市 东西湖区
23%
湖北省 武汉市 洪山区
23%
湖南省 衡阳市 衡南县
23%
湖南省 长沙市 宁乡市
23%
湖南省 长沙市 芙蓉区
23%
湖南省 株洲市 醴陵市
23%
江苏省 淮安市 洪泽区
23%
江苏省 连云港市 赣榆区
23%
江苏省 徐州市 铜山区
23%
江苏省 盐城市 响水县
23%
江苏省 扬州市 邗江区
23%
江苏省 镇江市 丹徒区
23%
江西省 赣州市 瑞金市
23%
江西省 九江市 共青城市
23%
辽宁省 鞍山市 海城市
23%
辽宁省 大连市 普兰店区
23%
辽宁省 铁岭市 清河区
23%
内蒙古自治区 呼伦贝尔市 根河市
23%
青海省 海西蒙古族藏族自治州 茫崖市
23%
青海省 西宁市 城北区
23%
山东省 德州市 平原县
23%
山东省 济南市 天桥区
23%
山东省 济宁市 兖州区
23%
山东省 日照市 莒县
23%
山东省 威海市 文登区
23%
山东省 潍坊市 潍城区
23%
山东省 潍坊市 高密市
23%
四川省 阿坝藏族羌族自治州 马尔康市
23%
四川省 甘孜藏族自治州 康定市
23%
西藏自治区 林芝市 米林市
23%
香港特别行政区 香港特别行政区 荃湾区
23%
香港特别行政区 香港特别行政区 元朗区
23%
新疆维吾尔自治区 新疆维吾尔自治区 图木舒克市
23%
新疆维吾尔自治区 新疆维吾尔自治区 阿拉尔市
23%
新疆维吾尔自治区 伊犁哈萨克自治州 伊宁县
23%
新疆维吾尔自治区 伊犁哈萨克自治州 伊宁市
23%
云南省 德宏傣族景颇族自治州 瑞丽市
23%
云南省 昆明市 五华区
23%
云南省 普洱市 江城哈尼族彝族自治县
23%
浙江省 湖州市 南浔区
23%
浙江省 绍兴市 越城区
23%
浙江省 台州市 三门县
23%
浙江省 温州市 鹿城区
23%
浙江省 温州市 瓯海区
23%
浙江省 温州市 平阳县
23%
重庆市 重庆市 城口县
23%
重庆市 重庆市 酉阳土家族苗族自治县
23%
重庆市 重庆市 大渡口区
23%
重庆市 重庆市 黔江区
23%
重庆市 重庆市 永川区
23%
福建省 厦门市 同安区
22%
广东省 揭阳市 普宁市
22%
广东省 汕尾市 陆河县
22%
河北省 邯郸市 峰峰矿区
22%
河北省 石家庄市 井陉矿区
22%
河北省 石家庄市 井陉县
22%
河南省 郑州市 金水区
22%
河南省 郑州市 荥阳市
22%
湖南省 衡阳市 衡阳县
22%
湖南省 衡阳市 衡山县
22%
吉林省 吉林市 昌邑区
22%
江苏省 淮安市 清江浦区
22%
江苏省 扬州市 江都区
22%
江苏省 扬州市 宝应县
22%
山东省 菏泽市 郓城县
22%
山东省 济南市 钢城区
22%
山东省 济南市 章丘区
22%
山东省 潍坊市 昌邑市
22%
四川省 成都市 青羊区
22%
香港特别行政区 香港特别行政区 屯门区
22%
新疆维吾尔自治区 新疆维吾尔自治区 新星市
22%
新疆维吾尔自治区 新疆维吾尔自治区 双河市
22%
重庆市 重庆市 秀山土家族苗族自治县
22%
重庆市 重庆市 南川区
22%
重庆市 重庆市 武隆区
22%
安徽省 安庆市 桐城市
21%
安徽省 合肥市 蜀山区
21%
安徽省 宣城市 绩溪县
21%
安徽省 宣城市 宣州区
21%
福建省 福州市 马尾区
21%
福建省 龙岩市 永定区
21%
甘肃省 甘南藏族自治州 合作市
21%
甘肃省 酒泉市 瓜州县
21%
甘肃省 临夏回族自治州 临夏市
21%
甘肃省 临夏回族自治州 临夏县
21%
广东省 揭阳市 揭西县
21%
广东省 茂名市 茂南区
21%
广东省 梅州市 兴宁市
21%
广东省 云浮市 云城区
21%
广东省 湛江市 遂溪县
21%
广东省 肇庆市 鼎湖区
21%
广西壮族自治区 贵港市 桂平市
21%
广西壮族自治区 南宁市 兴宁区
21%
贵州省 黔南布依族苗族自治州 都匀市
21%
贵州省 黔西南布依族苗族自治州 兴义市
21%
河北省 保定市 定州市
21%
河北省 廊坊市 广阳区
21%
河北省 秦皇岛市 海港区
21%
河北省 邢台市 沙河市
21%
河北省 张家口市 蔚县
21%
河南省 鹤壁市 淇县
21%
河南省 开封市 杞县
21%
河南省 南阳市 邓州市
21%
河南省 濮阳市 濮阳县
21%
河南省 新乡市 辉县市
21%
河南省 信阳市 息县
21%
湖北省 恩施土家族苗族自治州 巴东县
21%
湖北省 武汉市 新洲区
21%
湖北省 咸宁市 赤壁市
21%
湖南省 湘西土家族苗族自治州 吉首市
21%
湖南省 湘西土家族苗族自治州 龙山县
21%
湖南省 张家界市 永定区
21%
吉林省 辽源市 龙山区
21%
吉林省 通化市 东昌区
21%
吉林省 长春市 公主岭市
21%
江苏省 淮安市 涟水县
21%
江苏省 淮安市 金湖县
21%
江苏省 无锡市 新吴区
21%
江苏省 无锡市 梁溪区
21%
江苏省 盐城市 建湖县
21%
江苏省 扬州市 广陵区
21%
江西省 上饶市 鄱阳县
21%
内蒙古自治区 阿拉善盟 额济纳旗
21%
内蒙古自治区 呼伦贝尔市 牙克石市
21%
内蒙古自治区 锡林郭勒盟 锡林浩特市
21%
山东省 滨州市 邹平市
21%
山东省 东营市 垦利区
21%
山东省 菏泽市 牡丹区
21%
山东省 济宁市 邹城市
21%
山东省 济宁市 微山县
21%
山东省 临沂市 莒南县
21%
山东省 临沂市 沂水县
21%
山东省 临沂市 沂南县
21%
山东省 威海市 环翠区
21%
山东省 潍坊市 诸城市
21%
山东省 烟台市 福山区
21%
山东省 烟台市 莱山区
21%
山东省 淄博市 博山区
21%
山西省 晋中市 平遥县
21%
山西省 长治市 沁县
21%
陕西省 渭南市 潼关县
21%
陕西省 渭南市 富平县
21%
西藏自治区 拉萨市 堆龙德庆区
21%
云南省 昆明市 西山区
21%
浙江省 湖州市 长兴县
21%
浙江省 金华市 浦江县
21%
浙江省 绍兴市 新昌县
21%
重庆市 重庆市 巫溪县
21%
重庆市 重庆市 长寿区
21%
安徽省 合肥市 庐江县
20%
安徽省 合肥市 庐阳区
20%
甘肃省 兰州市 安宁区
20%
广东省 清远市 清新区
20%
贵州省 遵义市 赤水市
20%
河北省 保定市 易县
20%
河北省 沧州市 任丘市
20%
河北省 邯郸市 武安市
20%
河北省 唐山市 迁安市
20%
河南省 安阳市 安阳县
20%
河南省 三门峡市 灵宝市
20%
河南省 郑州市 登封市
20%
河南省 郑州市 巩义市
20%
黑龙江省 大庆市 大同区
20%
黑龙江省 哈尔滨市 宾县
20%
黑龙江省 黑河市 五大连池市
20%
湖北省 恩施土家族苗族自治州 利川市
20%
湖南省 湘潭市 湘潭县
20%
湖南省 岳阳市 岳阳楼区
20%
江苏省 宿迁市 泗洪县
20%
江苏省 宿迁市 沭阳县
20%
江苏省 盐城市 盐都区
20%
江西省 赣州市 龙南市
20%
江西省 南昌市 青云谱区
20%
山东省 济南市 长清区
20%
山东省 济南市 槐荫区
20%
山东省 聊城市 临清市
20%
山东省 泰安市 肥城市
20%
山西省 临汾市 侯马市
20%
山西省 忻州市 五台县
20%
陕西省 西安市 临潼区
20%
陕西省 西安市 碑林区
20%
四川省 成都市 彭州市
20%
四川省 甘孜藏族自治州 甘孜县
20%
西藏自治区 那曲市 双湖县
20%
新疆维吾尔自治区 新疆维吾尔自治区 白杨市
20%
新疆维吾尔自治区 新疆维吾尔自治区 可克达拉市
20%
新疆维吾尔自治区 伊犁哈萨克自治州 霍尔果斯市
20%
云南省 红河哈尼族彝族自治州 个旧市
20%
云南省 昆明市 安宁市
20%
浙江省 台州市 天台县
20%
浙江省 台州市 椒江区
20%
浙江省 温州市 洞头区
20%
浙江省 温州市 永嘉县
20%
重庆市 重庆市 合川区
20%
重庆市 重庆市 綦江区
20%
安徽省 安庆市 潜山市
19%
安徽省 滁州市 明光市
19%
安徽省 淮南市 大通区
19%
安徽省 黄山市 休宁县
19%
安徽省 六安市 金寨县
19%
安徽省 马鞍山市 花山区
19%
安徽省 芜湖市 鸠江区
19%
安徽省 宿州市 砀山县
19%
甘肃省 白银市 白银区
19%
甘肃省 酒泉市 肃北蒙古族自治县
19%
广东省 潮州市 潮安区
19%
广东省 揭阳市 揭东区
19%
广东省 揭阳市 惠来县
19%
广东省 汕头市 潮南区
19%
广东省 韶关市 乳源瑶族自治县
19%
广东省 云浮市 新兴县
19%
广东省 肇庆市 高要区
19%
广西壮族自治区 桂林市 阳朔县
19%
海南省 海口市 秀英区
19%
海南省 三亚市 吉阳区
19%
河北省 沧州市 河间市
19%
河北省 衡水市 冀州区
19%
河北省 廊坊市 固安县
19%
河北省 秦皇岛市 昌黎县
19%
河北省 石家庄市 桥西区
19%
河北省 唐山市 滦州市
19%
河北省 张家口市 涿鹿县
19%
河北省 张家口市 桥西区
19%
河南省 安阳市 滑县
19%
河南省 开封市 兰考县
19%
河南省 新乡市 卫辉市
19%
河南省 周口市 项城市
19%
黑龙江省 哈尔滨市 道里区
19%
黑龙江省 鸡西市 虎林市
19%
黑龙江省 牡丹江市 绥芬河市
19%
黑龙江省 七台河市 新兴区
19%
湖北省 黄石市 铁山区
19%
湖北省 随州市 随县
19%
湖北省 武汉市 黄陂区
19%
湖北省 武汉市 江夏区
19%
湖北省 襄阳市 樊城区
19%
湖南省 湘潭市 韶山市
19%
湖南省 长沙市 望城区
19%
湖南省 长沙市 天心区
19%
吉林省 四平市 铁东区
19%
吉林省 延边朝鲜族自治州 珲春市
19%
江苏省 常州市 天宁区
19%
江苏省 泰州市 姜堰区
19%
江苏省 宿迁市 宿豫区
19%
江苏省 宿迁市 宿城区
19%
江苏省 徐州市 贾汪区
19%
江苏省 徐州市 睢宁县
19%
江苏省 盐城市 亭湖区
19%
江苏省 盐城市 阜宁县
19%
江苏省 镇江市 润州区
19%
江西省 抚州市 南城县
19%
江西省 上饶市 婺源县
19%
辽宁省 鞍山市 铁东区
19%
辽宁省 大连市 庄河市
19%
辽宁省 铁岭市 铁岭县
19%
内蒙古自治区 兴安盟 乌兰浩特市
19%
青海省 西宁市 大通回族土族自治县
19%
山东省 德州市 禹城市
19%
山东省 济宁市 鱼台县
19%
山东省 济宁市 泗水县
19%
山东省 济宁市 梁山县
19%
山东省 临沂市 兰陵县
19%
山东省 泰安市 东平县
19%
山东省 枣庄市 台儿庄区
19%
山东省 淄博市 张店区
19%
山东省 淄博市 淄川区
19%
山西省 晋城市 阳城县
19%
陕西省 汉中市 西乡县
19%
陕西省 渭南市 韩城市
19%
四川省 成都市 郫都区
19%
四川省 成都市 锦江区
19%
四川省 成都市 成华区
19%
四川省 成都市 邛崃市
19%
新疆维吾尔自治区 乌鲁木齐市 天山区
19%
新疆维吾尔自治区 伊犁哈萨克自治州 奎屯市
19%
浙江省 嘉兴市 秀洲区
19%
浙江省 丽水市 青田县
19%
浙江省 丽水市 缙云县
19%
浙江省 宁波市 海曙区
19%
浙江省 台州市 仙居县
19%
浙江省 温州市 龙湾区
19%
重庆市 重庆市 彭水苗族土家族自治县
19%
重庆市 重庆市 忠县
19%
重庆市 重庆市 丰都县
19%
重庆市 重庆市 璧山区
19%
安徽省 合肥市 包河区
18%
安徽省 合肥市 长丰县
18%
福建省 福州市 闽侯县
18%
福建省 龙岩市 上杭县
18%
福建省 南平市 建瓯市
18%
福建省 莆田市 仙游县
18%
福建省 莆田市 荔城区
18%
福建省 三明市 三元区
18%
福建省 三明市 永安市
18%
甘肃省 张掖市 肃南裕固族自治县
18%
广东省 江门市 江海区
18%
广东省 江门市 蓬江区
18%
广东省 清远市 连南瑶族自治县
18%
广东省 清远市 阳山县
18%
广东省 韶关市 武江区
18%
广东省 韶关市 曲江区
18%
广东省 云浮市 郁南县
18%
广东省 湛江市 坡头区
18%
广东省 湛江市 霞山区
18%
广东省 肇庆市 怀集县
18%
广东省 肇庆市 端州区
18%
广西壮族自治区 防城港市 港口区
18%
广西壮族自治区 桂林市 七星区
18%
贵州省 黔南布依族苗族自治州 独山县
18%
贵州省 遵义市 仁怀市
18%
海南省 三亚市 海棠区
18%
河北省 保定市 安新县
18%
河北省 保定市 涞水县
18%
河北省 邯郸市 涉县
18%
河北省 邯郸市 磁县
18%
河北省 张家口市 怀来县
18%
河北省 张家口市 张北县
18%
河南省 濮阳市 范县
18%
河南省 商丘市 永城市
18%
河南省 郑州市 中原区
18%
黑龙江省 哈尔滨市 五常市
18%
黑龙江省 佳木斯市 同江市
18%
黑龙江省 牡丹江市 东安区
18%
湖北省 荆州市 荆州区
18%
湖北省 荆州市 公安县
18%
湖北省 武汉市 硚口区
18%
湖北省 武汉市 蔡甸区
18%
湖北省 襄阳市 老河口市
18%
湖南省 常德市 武陵区
18%
湖南省 益阳市 沅江市
18%
湖南省 永州市 东安县
18%
湖南省 长沙市 开福区
18%
吉林省 白山市 临江市
18%
吉林省 延边朝鲜族自治州 敦化市
18%
江苏省 宿迁市 泗阳县
18%
江西省 南昌市 青山湖区
18%
江西省 南昌市 新建区
18%
江西省 萍乡市 莲花县
18%
江西省 上饶市 玉山县
18%
辽宁省 大连市 甘井子区
18%
辽宁省 阜新市 阜新蒙古族自治县
18%
内蒙古自治区 通辽市 科尔沁区
18%
山东省 德州市 德城区
18%
山东省 东营市 利津县
18%
山东省 菏泽市 单县
18%
山东省 济南市 商河县
18%
山东省 聊城市 莘县
18%
山东省 聊城市 东昌府区
18%
山东省 日照市 岚山区
18%
山东省 泰安市 新泰市
18%
山东省 潍坊市 寒亭区
18%
山东省 潍坊市 坊子区
18%
山东省 烟台市 牟平区
18%
山西省 吕梁市 汾阳市
18%
陕西省 西安市 灞桥区
18%
四川省 阿坝藏族羌族自治州 九寨沟县
18%
四川省 成都市 青白江区
18%
四川省 成都市 新都区
18%
四川省 德阳市 什邡市
18%
四川省 德阳市 绵竹市
18%
西藏自治区 山南市 错那市
18%
香港特别行政区 香港特别行政区 中西区
18%
云南省 楚雄彝族自治州 楚雄市
18%
云南省 昆明市 东川区
18%
云南省 西双版纳傣族自治州 勐腊县
18%
浙江省 金华市 金东区
18%
浙江省 衢州市 衢江区
18%
重庆市 重庆市 潼南区
18%
安徽省 阜阳市 太和县
17%
安徽省 马鞍山市 雨山区
17%
福建省 福州市 台江区
17%
福建省 龙岩市 武平县
17%
福建省 南平市 邵武市
17%
福建省 泉州市 安溪县
17%
福建省 漳州市 龙海区
17%
广东省 河源市 源城区
17%
广东省 河源市 紫金县
17%
广东省 汕头市 金平区
17%
广东省 湛江市 麻章区
17%
广东省 肇庆市 德庆县
17%
广东省 肇庆市 封开县
17%
贵州省 黔东南苗族侗族自治州 台江县
17%
河北省 承德市 围场满族蒙古族自治县
17%
河北省 承德市 承德县
17%
河北省 邯郸市 大名县
17%
河北省 秦皇岛市 青龙满族自治县
17%
河北省 石家庄市 辛集市
17%
河北省 石家庄市 晋州市
17%
河北省 石家庄市 赵县
17%
河南省 焦作市 沁阳市
17%
河南省 平顶山市 舞钢市
17%
河南省 郑州市 新密市
17%
河南省 郑州市 中牟县
17%
黑龙江省 哈尔滨市 道外区
17%
黑龙江省 牡丹江市 西安区
17%
湖北省 武汉市 江岸区
17%
湖南省 常德市 澧县
17%
湖南省 衡阳市 衡东县
17%
湖南省 衡阳市 耒阳市
17%
湖南省 娄底市 冷水江市
17%
吉林省 辽源市 西安区
17%
吉林省 延边朝鲜族自治州 图们市
17%
江苏省 徐州市 泉山区
17%
辽宁省 锦州市 太和区
17%
内蒙古自治区 呼伦贝尔市 额尔古纳市
17%
内蒙古自治区 呼伦贝尔市 陈巴尔虎旗
17%
内蒙古自治区 兴安盟 阿尔山市
17%
山东省 德州市 齐河县
17%
山东省 德州市 乐陵市
17%
山东省 菏泽市 东明县
17%
山东省 日照市 五莲县
17%
山东省 淄博市 周村区
17%
山西省 太原市 古交市
17%
山西省 忻州市 原平市
17%
山西省 阳泉市 盂县
17%
陕西省 汉中市 洋县
17%
陕西省 西安市 莲湖区
17%
四川省 阿坝藏族羌族自治州 阿坝县
17%
四川省 成都市 龙泉驿区
17%
四川省 广安市 广安区
17%
新疆维吾尔自治区 喀什地区 叶城县
17%
云南省 红河哈尼族彝族自治州 金平苗族瑶族傣族自治县
17%
云南省 昆明市 官渡区
17%
浙江省 衢州市 开化县
17%
浙江省 衢州市 龙游县
17%
浙江省 衢州市 常山县
17%
浙江省 台州市 路桥区
17%
安徽省 滁州市 全椒县
16%
安徽省 黄山市 屯溪区
16%
安徽省 黄山市 祁门县
16%
安徽省 马鞍山市 当涂县
16%
安徽省 芜湖市 弋江区
16%
福建省 福州市 晋安区
16%
福建省 福州市 仓山区
16%
福建省 龙岩市 漳平市
16%
福建省 宁德市 古田县
16%
福建省 宁德市 蕉城区
16%
福建省 泉州市 惠安县
16%
福建省 漳州市 漳浦县
16%
甘肃省 金昌市 金川区
16%
甘肃省 张掖市 甘州区
16%
广东省 河源市 龙川县
16%
广东省 揭阳市 榕城区
16%
广东省 汕头市 濠江区
16%
广东省 汕头市 龙湖区
16%
广东省 韶关市 新丰县
16%
广东省 韶关市 浈江区
16%
广东省 云浮市 云安区
16%
广东省 湛江市 赤坎区
16%
广东省 肇庆市 广宁县
16%
广西壮族自治区 百色市 平果市
16%
广西壮族自治区 崇左市 凭祥市
16%
广西壮族自治区 贵港市 平南县
16%
海南省 海口市 琼山区
16%
河北省 沧州市 盐山县
16%
河北省 沧州市 运河区
16%
河北省 承德市 宽城满族自治县
16%
河北省 邯郸市 临漳县
16%
河北省 衡水市 深州市
16%
河北省 廊坊市 安次区
16%
河北省 石家庄市 平山县
16%
河北省 唐山市 玉田县
16%
河北省 唐山市 遵化市
16%
河北省 张家口市 宣化区
16%
河北省 张家口市 下花园区
16%
河北省 张家口市 桥东区
16%
河南省 鹤壁市 浚县
16%
河南省 焦作市 解放区
16%
河南省 平顶山市 汝州市
16%
河南省 三门峡市 陕州区
16%
河南省 新乡市 长垣市
16%
河南省 新乡市 新乡县
16%
河南省 信阳市 罗山县
16%
河南省 许昌市 禹州市
16%
河南省 许昌市 魏都区
16%
黑龙江省 大兴安岭地区 呼玛县
16%
黑龙江省 黑河市 嫩江市
16%
黑龙江省 黑河市 爱辉区
16%
黑龙江省 佳木斯市 富锦市
16%
湖北省 黄冈市 黄州区
16%
湖北省 荆门市 钟祥市
16%
湖北省 荆州市 石首市
16%
湖北省 荆州市 监利市
16%
湖北省 宜昌市 枝江市
16%
湖北省 宜昌市 当阳市
16%
湖北省 宜昌市 宜都市
16%
湖南省 常德市 桃源县
16%
湖南省 郴州市 北湖区
16%
湖南省 湘潭市 湘乡市
16%
湖南省 岳阳市 临湘市
16%
湖南省 株洲市 炎陵县
16%
吉林省 白城市 大安市
16%
吉林省 长春市 宽城区
16%
吉林省 长春市 榆树市
16%
江苏省 泰州市 海陵区
16%
江苏省 泰州市 高港区
16%
江西省 抚州市 东乡区
16%
江西省 南昌市 红谷滩区
16%
江西省 宜春市 丰城市
16%
辽宁省 本溪市 平山区
16%
辽宁省 大连市 长海县
16%
辽宁省 沈阳市 皇姑区
16%
内蒙古自治区 呼伦贝尔市 扎兰屯市
16%
宁夏回族自治区 吴忠市 青铜峡市
16%
山东省 滨州市 沾化区
16%
山东省 德州市 临邑县
16%
山东省 菏泽市 鄄城县
16%
山东省 济南市 平阴县
16%
山东省 济宁市 任城区
16%
山东省 聊城市 东阿县
16%
山东省 聊城市 高唐县
16%
山东省 临沂市 费县
16%
山东省 临沂市 兰山区
16%
山东省 潍坊市 昌乐县
16%
山东省 潍坊市 安丘市
16%
山东省 淄博市 沂源县
16%
山西省 大同市 平城区
16%
山西省 吕梁市 孝义市
16%
山西省 太原市 迎泽区
16%
山西省 太原市 杏花岭区
16%
山西省 太原市 尖草坪区
16%
山西省 太原市 万柏林区
16%
山西省 运城市 河津市
16%
陕西省 宝鸡市 眉县
16%
陕西省 渭南市 蒲城县
16%
四川省 阿坝藏族羌族自治州 金川县
16%
四川省 成都市 崇州市
16%
四川省 甘孜藏族自治州 稻城县
16%
四川省 乐山市 峨眉山市
16%
四川省 绵阳市 江油市
16%
四川省 自贡市 大安区
16%
香港特别行政区 香港特别行政区 沙田区
16%
香港特别行政区 香港特别行政区 湾仔区
16%
香港特别行政区 香港特别行政区 黄大仙区
16%
香港特别行政区 香港特别行政区 油尖旺区
16%
新疆维吾尔自治区 博尔塔拉蒙古自治州 博乐市
16%
新疆维吾尔自治区 哈密市 伊州区
16%
新疆维吾尔自治区 喀什地区 莎车县
16%
云南省 红河哈尼族彝族自治州 蒙自市
16%
云南省 怒江傈僳族自治州 泸水市
16%
浙江省 金华市 婺城区
16%
浙江省 金华市 武义县
16%
浙江省 丽水市 景宁畲族自治县
16%
重庆市 重庆市 铜梁区
16%
安徽省 蚌埠市 五河县
15%
安徽省 滁州市 定远县
15%
安徽省 马鞍山市 博望区
15%
安徽省 宿州市 灵璧县
15%
安徽省 宿州市 埇桥区
15%
安徽省 宣城市 旌德县
15%
福建省 南平市 延平区
15%
福建省 宁德市 霞浦县
15%
甘肃省 酒泉市 肃州区
15%
甘肃省 陇南市 礼县
15%
广东省 潮州市 饶平县
15%
广东省 汕头市 澄海区
15%
广西壮族自治区 崇左市 江州区
15%
广西壮族自治区 南宁市 青秀区
15%
贵州省 毕节市 黔西市
15%
河北省 保定市 涞源县
15%
河北省 承德市 鹰手营子矿区
15%
河北省 承德市 滦平县
15%
河北省 衡水市 武邑县
15%
河北省 秦皇岛市 卢龙县
15%
河北省 石家庄市 裕华区
15%
河北省 唐山市 迁西县
15%
河北省 唐山市 滦南县
15%
河北省 邢台市 南宫市
15%
河南省 南阳市 淅川县
15%
河南省 三门峡市 义马市
15%
河南省 新乡市 红旗区
15%
河南省 驻马店市 汝南县
15%
湖北省 随州市 广水市
15%
湖北省 武汉市 汉南区
15%
湖北省 襄阳市 襄州区
15%
湖北省 孝感市 汉川市
15%
湖北省 宜昌市 秭归县
15%
湖北省 宜昌市 夷陵区
15%
湖南省 张家界市 武陵源区
15%
吉林省 白山市 长白朝鲜族自治县
15%
江西省 宜春市 樟树市
15%
辽宁省 抚顺市 抚顺县
15%
辽宁省 葫芦岛市 兴城市
15%
辽宁省 辽阳市 灯塔市
15%
内蒙古自治区 赤峰市 红山区
15%
内蒙古自治区 呼伦贝尔市 新巴尔虎右旗
15%
内蒙古自治区 呼伦贝尔市 新巴尔虎左旗
15%
宁夏回族自治区 银川市 灵武市
15%
山东省 德州市 陵城区
15%
山东省 菏泽市 巨野县
15%
山东省 聊城市 阳谷县
15%
山东省 临沂市 蒙阴县
15%
山东省 泰安市 岱岳区
15%
山东省 潍坊市 临朐县
15%
山东省 枣庄市 薛城区
15%
山东省 枣庄市 峄城区
15%
山东省 淄博市 高青县
15%
山西省 大同市 云州区
15%
山西省 晋城市 高平市
15%
山西省 晋中市 榆次区
15%
山西省 临汾市 隰县
15%
山西省 太原市 阳曲县
15%
山西省 运城市 盐湖区
15%
陕西省 安康市 旬阳市
15%
陕西省 咸阳市 秦都区
15%
四川省 乐山市 沙湾区
15%
四川省 南充市 阆中市
15%
香港特别行政区 香港特别行政区 西贡区
15%
香港特别行政区 香港特别行政区 深水埗区
15%
新疆维吾尔自治区 阿克苏地区 库车市
15%
新疆维吾尔自治区 塔城地区 沙湾市
15%
新疆维吾尔自治区 吐鲁番市 鄯善县
15%
浙江省 衢州市 柯城区
15%
重庆市 重庆市 石柱土家族自治县
15%
重庆市 重庆市 梁平区
15%
安徽省 蚌埠市 固镇县
14%
安徽省 亳州市 涡阳县
14%
安徽省 池州市 东至县
14%
安徽省 滁州市 琅琊区
14%
安徽省 阜阳市 颍上县
14%
安徽省 阜阳市 界首市
14%
安徽省 合肥市 瑶海区
14%
安徽省 六安市 舒城县
14%
安徽省 马鞍山市 含山县
14%
安徽省 芜湖市 镜湖区
14%
福建省 龙岩市 长汀县
14%
福建省 莆田市 涵江区
14%
福建省 莆田市 秀屿区
14%
福建省 泉州市 永春县
14%
福建省 泉州市 德化县
14%
福建省 泉州市 泉港区
14%
甘肃省 兰州市 榆中县
14%
甘肃省 武威市 凉州区
14%
广东省 梅州市 梅江区
14%
广东省 梅州市 蕉岭县
14%
广东省 清远市 佛冈县
14%
广东省 韶关市 仁化县
14%
广西壮族自治区 防城港市 防城区
14%
广西壮族自治区 桂林市 荔浦市
14%
广西壮族自治区 贺州市 钟山县
14%
广西壮族自治区 南宁市 横州市
14%
广西壮族自治区 梧州市 藤县
14%
贵州省 六盘水市 钟山区
14%
贵州省 黔西南布依族苗族自治州 兴仁市
14%
河北省 保定市 容城县
14%
河北省 保定市 徐水区
14%
河北省 沧州市 泊头市
14%
河北省 沧州市 南皮县
14%
河北省 承德市 平泉市
14%
河北省 承德市 兴隆县
14%
河北省 承德市 双桥区
14%
河北省 邯郸市 馆陶县
14%
河北省 廊坊市 文安县
14%
河北省 廊坊市 大城县
14%
河北省 唐山市 路南区
14%
河北省 唐山市 路北区
14%
河南省 洛阳市 伊川县
14%
河南省 洛阳市 老城区
14%
河南省 洛阳市 洛龙区
14%
河南省 三门峡市 渑池县
14%
河南省 许昌市 建安区
14%
河南省 郑州市 惠济区
14%
河南省 郑州市 上街区
14%
河南省 驻马店市 新蔡县
14%
黑龙江省 大兴安岭地区 塔河县
14%
黑龙江省 哈尔滨市 阿城区
14%
黑龙江省 哈尔滨市 呼兰区
14%
黑龙江省 哈尔滨市 南岗区
14%
黑龙江省 黑河市 北安市
14%
黑龙江省 鸡西市 密山市
14%
黑龙江省 牡丹江市 东宁市
14%
黑龙江省 齐齐哈尔市 甘南县
14%
黑龙江省 齐齐哈尔市 龙江县
14%
湖北省 鄂州市 华容区
14%
湖北省 黄冈市 黄梅县
14%
湖北省 黄冈市 麻城市
14%
湖北省 荆门市 京山市
14%
湖北省 荆州市 洪湖市
14%
湖北省 荆州市 松滋市
14%
湖北省 荆州市 江陵县
14%
湖北省 十堰市 郧阳区
14%
湖北省 襄阳市 宜城市
14%
湖南省 常德市 津市市
14%
湖南省 怀化市 芷江侗族自治县
14%
湖南省 邵阳市 武冈市
14%
湖南省 邵阳市 邵东市
14%
湖南省 益阳市 资阳区
14%
湖南省 岳阳市 华容县
14%
湖南省 岳阳市 汨罗市
14%
吉林省 通化市 梅河口市
14%
吉林省 通化市 通化县
14%
江西省 赣州市 赣县区
14%
江西省 上饶市 铅山县
14%
辽宁省 丹东市 凤城市
14%
辽宁省 锦州市 凌海市
14%
辽宁省 沈阳市 浑南区
14%
辽宁省 营口市 盖州市
14%
内蒙古自治区 呼和浩特市 回民区
14%
内蒙古自治区 乌兰察布市 四子王旗
14%
宁夏回族自治区 中卫市 沙坡头区
14%
青海省 海东市 平安区
14%
山东省 滨州市 滨城区
14%
山东省 滨州市 博兴县
14%
山东省 东营市 广饶县
14%
山东省 济宁市 嘉祥县
14%
山东省 济宁市 汶上县
14%
山东省 聊城市 冠县
14%
山东省 临沂市 平邑县
14%
山东省 临沂市 郯城县
14%
山东省 泰安市 宁阳县
14%
山东省 潍坊市 奎文区
14%
山西省 大同市 云冈区
14%
山西省 朔州市 怀仁市
14%
山西省 朔州市 右玉县
14%
山西省 太原市 晋源区
14%
山西省 运城市 永济市
14%
山西省 运城市 芮城县
14%
陕西省 汉中市 城固县
14%
陕西省 西安市 周至县
14%
陕西省 咸阳市 渭城区
14%
陕西省 咸阳市 乾县
14%
陕西省 延安市 宝塔区
14%
陕西省 延安市 子长市
14%
四川省 成都市 温江区
14%
四川省 成都市 新津区
14%
四川省 德阳市 广汉市
14%
四川省 甘孜藏族自治州 泸定县
14%
西藏自治区 阿里地区 日土县
14%
西藏自治区 林芝市 察隅县
14%
西藏自治区 日喀则市 亚东县
14%
香港特别行政区 香港特别行政区 九龙城区
14%
新疆维吾尔自治区 和田地区 民丰县
14%
云南省 昆明市 呈贡区
14%
云南省 丽江市 古城区
14%
云南省 曲靖市 宣威市
14%
浙江省 金华市 磐安县
14%
浙江省 丽水市 松阳县
14%
浙江省 台州市 黄岩区
14%
浙江省 温州市 泰顺县
14%
浙江省 温州市 文成县
14%
重庆市 重庆市 垫江县
14%
安徽省 安庆市 迎江区
13%
安徽省 安庆市 岳西县
13%
安徽省 安庆市 怀宁县
13%
安徽省 蚌埠市 怀远县
13%
安徽省 池州市 青阳县
13%
安徽省 阜阳市 临泉县
13%
安徽省 淮南市 谢家集区
13%
安徽省 淮南市 八公山区
13%
安徽省 六安市 霍邱县
13%
安徽省 铜陵市 枞阳县
13%
安徽省 宣城市 郎溪县
13%
福建省 福州市 永泰县
13%
福建省 龙岩市 连城县
13%
福建省 南平市 建阳区
13%
福建省 漳州市 芗城区
13%
福建省 漳州市 云霄县
13%
甘肃省 金昌市 永昌县
13%
甘肃省 酒泉市 阿克塞哈萨克族自治县
13%
甘肃省 天水市 麦积区
13%
甘肃省 武威市 民勤县
13%
甘肃省 中农发山丹马场 中农发山丹马场
13%
广东省 潮州市 湘桥区
13%
广东省 河源市 连平县
13%
广东省 梅州市 丰顺县
13%
广东省 韶关市 始兴县
13%
广西壮族自治区 北海市 合浦县
13%
广西壮族自治区 南宁市 西乡塘区
13%
广西壮族自治区 梧州市 苍梧县
13%
贵州省 毕节市 金沙县
13%
贵州省 六盘水市 盘州市
13%
河北省 保定市 曲阳县
13%
河北省 保定市 安国市
13%
河北省 沧州市 吴桥县
13%
河北省 沧州市 献县
13%
河北省 沧州市 东光县
13%
河北省 承德市 丰宁满族自治县
13%
河北省 承德市 隆化县
13%
河北省 承德市 双滦区
13%
河北省 石家庄市 藁城区
13%
河北省 石家庄市 鹿泉区
13%
河北省 唐山市 乐亭县
13%
河北省 唐山市 丰润区
13%
河北省 唐山市 丰南区
13%
河北省 邢台市 巨鹿县
13%
河北省 张家口市 崇礼区
13%
河南省 焦作市 山阳区
13%
河南省 洛阳市 栾川县
13%
河南省 洛阳市 新安县
13%
河南省 洛阳市 西工区
13%
河南省 漯河市 舞阳县
13%
河南省 南阳市 新野县
13%
河南省 南阳市 内乡县
13%
河南省 濮阳市 台前县
13%
河南省 三门峡市 卢氏县
13%
河南省 新乡市 获嘉县
13%
河南省 信阳市 商城县
13%
黑龙江省 哈尔滨市 巴彦县
13%
黑龙江省 哈尔滨市 香坊区
13%
黑龙江省 哈尔滨市 平房区
13%
黑龙江省 哈尔滨市 尚志市
13%
黑龙江省 鸡西市 鸡东县
13%
黑龙江省 牡丹江市 宁安市
13%
黑龙江省 齐齐哈尔市 讷河市
13%
湖北省 黄石市 大冶市
13%
湖北省 荆州市 沙市区
13%
湖北省 十堰市 郧西县
13%
湖北省 襄阳市 枣阳市
13%
湖南省 常德市 临澧县
13%
湖南省 衡阳市 常宁市
13%
湖南省 怀化市 鹤城区
13%
湖南省 娄底市 新化县
13%
湖南省 娄底市 涟源市
13%
湖南省 邵阳市 隆回县
13%
湖南省 邵阳市 邵阳县
13%
湖南省 永州市 零陵区
13%
湖南省 永州市 冷水滩区
13%
湖南省 永州市 祁阳市
13%
湖南省 株洲市 茶陵县
13%
吉林省 松原市 扶余市
13%
吉林省 延边朝鲜族自治州 龙井市
13%
江西省 赣州市 章贡区
13%
江西省 赣州市 全南县
13%
江西省 吉安市 吉州区
13%
江西省 九江市 修水县
13%
辽宁省 本溪市 本溪满族自治县
13%
辽宁省 朝阳市 北票市
13%
辽宁省 大连市 沙河口区
13%
辽宁省 丹东市 元宝区
13%
辽宁省 沈阳市 法库县
13%
辽宁省 沈阳市 沈北新区
13%
辽宁省 铁岭市 调兵山市
13%
辽宁省 营口市 大石桥市
13%
内蒙古自治区 巴彦淖尔市 五原县
13%
内蒙古自治区 包头市 白云鄂博矿区
13%
内蒙古自治区 包头市 东河区
13%
内蒙古自治区 赤峰市 松山区
13%
内蒙古自治区 鄂尔多斯市 伊金霍洛旗
13%
内蒙古自治区 呼伦贝尔市 鄂伦春自治旗
13%
青海省 海南藏族自治州 共和县
13%
青海省 西宁市 湟中区
13%
山东省 滨州市 无棣县
13%
山东省 滨州市 阳信县
13%
山东省 滨州市 惠民县
13%
山东省 德州市 武城县
13%
山东省 德州市 夏津县
13%
山东省 菏泽市 定陶区
13%
山东省 聊城市 茌平区
13%
山东省 临沂市 临沭县
13%
山东省 临沂市 罗庄区
13%
山东省 淄博市 桓台县
13%
山西省 大同市 浑源县
13%
山西省 大同市 天镇县
13%
山西省 晋中市 介休市
13%
山西省 临汾市 霍州市
13%
山西省 临汾市 翼城县
13%
山西省 吕梁市 交城县
13%
山西省 朔州市 山阴县
13%
山西省 朔州市 朔城区
13%
山西省 太原市 娄烦县
13%
山西省 忻州市 忻府区
13%
山西省 忻州市 代县
13%
山西省 阳泉市 平定县
13%
山西省 运城市 新绛县
13%
山西省 运城市 绛县
13%
山西省 长治市 潞城区
13%
陕西省 宝鸡市 陈仓区
13%
陕西省 商洛市 山阳县
13%
陕西省 西安市 鄠邑区
13%
陕西省 咸阳市 兴平市
13%
陕西省 榆林市 绥德县
13%
四川省 阿坝藏族羌族自治州 红原县
13%
四川省 成都市 大邑县
13%
四川省 凉山彝族自治州 会理市
13%
四川省 遂宁市 射洪市
13%
西藏自治区 日喀则市 定日县
13%
新疆维吾尔自治区 乌鲁木齐市 米东区
13%
云南省 西双版纳傣族自治州 勐海县
13%
云南省 玉溪市 澄江市
13%
浙江省 丽水市 莲都区
13%
安徽省 蚌埠市 淮上区
12%
安徽省 亳州市 蒙城县
12%
安徽省 池州市 石台县
12%
安徽省 淮南市 田家庵区
12%
安徽省 六安市 霍山县
12%
安徽省 六安市 金安区
12%
安徽省 铜陵市 铜官区
12%
福建省 福州市 闽清县
12%
福建省 宁德市 屏南县
12%
福建省 莆田市 城厢区
12%
福建省 泉州市 丰泽区
12%
福建省 三明市 宁化县
12%
福建省 漳州市 诏安县
12%
甘肃省 甘南藏族自治州 舟曲县
12%
广东省 韶关市 翁源县
12%
广西壮族自治区 桂林市 龙胜各族自治县
12%
广西壮族自治区 南宁市 邕宁区
12%
广西壮族自治区 梧州市 岑溪市
12%
广西壮族自治区 玉林市 北流市
12%
贵州省 贵阳市 清镇市
12%
贵州省 贵阳市 乌当区
12%
贵州省 贵阳市 南明区
12%
贵州省 遵义市 习水县
12%
河北省 保定市 蠡县
12%
河北省 保定市 清苑区
12%
河北省 廊坊市 永清县
12%
河北省 石家庄市 无极县
12%
河北省 石家庄市 栾城区
12%
河北省 唐山市 古冶区
12%
河北省 张家口市 沽源县
12%
河南省 安阳市 殷都区
12%
河南省 鹤壁市 淇滨区
12%
河南省 洛阳市 汝阳县
12%
河南省 洛阳市 偃师区
12%
河南省 南阳市 唐河县
12%
河南省 南阳市 卧龙区
12%
河南省 濮阳市 清丰县
12%
河南省 三门峡市 湖滨区
12%
河南省 商丘市 睢阳区
12%
河南省 信阳市 固始县
12%
河南省 许昌市 长葛市
12%
河南省 驻马店市 泌阳县
12%
河南省 驻马店市 确山县
12%
黑龙江省 绥化市 安达市
12%
湖北省 鄂州市 鄂城区
12%
湖北省 黄冈市 红安县
12%
湖北省 十堰市 竹山县
12%
湖北省 孝感市 孝南区
12%
湖北省 宜昌市 西陵区
12%
湖南省 常德市 石门县
12%
湖南省 怀化市 通道侗族自治县
12%
湖南省 湘西土家族苗族自治州 花垣县
12%
湖南省 岳阳市 君山区
12%
吉林省 通化市 集安市
12%
吉林省 长春市 德惠市
12%
江西省 赣州市 于都县
12%
江西省 吉安市 吉安县
12%
江西省 景德镇市 乐平市
12%
江西省 九江市 瑞昌市
12%
江西省 南昌市 进贤县
12%
江西省 上饶市 广信区
12%
江西省 宜春市 高安市
12%
辽宁省 朝阳市 凌源市
12%
辽宁省 辽阳市 辽阳县
12%
辽宁省 沈阳市 沈河区
12%
内蒙古自治区 巴彦淖尔市 临河区
12%
内蒙古自治区 鄂尔多斯市 东胜区
12%
宁夏回族自治区 银川市 西夏区
12%
青海省 果洛藏族自治州 玛沁县
12%
山东省 济宁市 金乡县
12%
山西省 大同市 左云县
12%
山西省 晋城市 泽州县
12%
山西省 晋中市 左权县
12%
山西省 临汾市 曲沃县
12%
山西省 临汾市 洪洞县
12%
陕西省 安康市 镇坪县
12%
陕西省 汉中市 佛坪县
12%
陕西省 渭南市 华州区
12%
陕西省 咸阳市 彬州市
12%
陕西省 延安市 黄陵县
12%
陕西省 榆林市 榆阳区
12%
陕西省 榆林市 府谷县
12%
陕西省 榆林市 定边县
12%
四川省 成都市 金堂县
12%
四川省 甘孜藏族自治州 石渠县
12%
四川省 广元市 青川县
12%
西藏自治区 拉萨市 墨竹工卡县
12%
香港特别行政区 香港特别行政区 观塘区
12%
新疆维吾尔自治区 昌吉回族自治州 阜康市
12%
新疆维吾尔自治区 和田地区 于田县
12%
新疆维吾尔自治区 乌鲁木齐市 沙依巴克区
12%
新疆维吾尔自治区 伊犁哈萨克自治州 霍城县
12%
云南省 红河哈尼族彝族自治州 弥勒市
12%
浙江省 丽水市 云和县
12%
安徽省 安庆市 宿松县
11%
安徽省 蚌埠市 禹会区
11%
安徽省 亳州市 谯城区
11%
安徽省 亳州市 利辛县
11%
安徽省 滁州市 来安县
11%
安徽省 滁州市 南谯区
11%
安徽省 阜阳市 颍州区
11%
安徽省 淮北市 烈山区
11%
安徽省 淮北市 濉溪县
11%
安徽省 淮南市 凤台县
11%
安徽省 六安市 叶集区
11%
安徽省 六安市 裕安区
11%
安徽省 铜陵市 义安区
11%
安徽省 芜湖市 繁昌区
11%
安徽省 芜湖市 南陵县
11%
福建省 福州市 罗源县
11%
福建省 龙岩市 新罗区
11%
福建省 南平市 浦城县
11%
福建省 泉州市 洛江区
11%
福建省 三明市 建宁县
11%
福建省 三明市 明溪县
11%
福建省 三明市 清流县
11%
福建省 三明市 大田县
11%
福建省 三明市 泰宁县
11%
福建省 漳州市 平和县
11%
甘肃省 白银市 会宁县
11%
甘肃省 定西市 安定区
11%
甘肃省 甘南藏族自治州 玛曲县
11%
甘肃省 酒泉市 金塔县
11%
甘肃省 陇南市 武都区
11%
甘肃省 平凉市 华亭市
11%
甘肃省 平凉市 崆峒区
11%
甘肃省 天水市 清水县
11%
甘肃省 张掖市 山丹县
11%
广东省 河源市 东源县
11%
广东省 梅州市 平远县
11%
广西壮族自治区 百色市 靖西市
11%
广西壮族自治区 北海市 铁山港区
11%
广西壮族自治区 崇左市 龙州县
11%
广西壮族自治区 桂林市 灵川县
11%
广西壮族自治区 桂林市 全州县
11%
广西壮族自治区 贺州市 八步区
11%
广西壮族自治区 柳州市 柳南区
11%
广西壮族自治区 柳州市 柳城县
11%
广西壮族自治区 南宁市 武鸣区
11%
贵州省 贵阳市 花溪区
11%
贵州省 六盘水市 六枝特区
11%
贵州省 六盘水市 水城区
11%
贵州省 黔东南苗族侗族自治州 镇远县
11%
贵州省 黔东南苗族侗族自治州 榕江县
11%
贵州省 铜仁市 江口县
11%
河北省 保定市 莲池区
11%
河北省 保定市 满城区
11%
河北省 保定市 阜平县
11%
河北省 沧州市 海兴县
11%
河北省 邯郸市 永年区
11%
河北省 邯郸市 邯山区
11%
河北省 衡水市 安平县
11%
河北省 衡水市 桃城区
11%
河北省 秦皇岛市 抚宁区
11%
河北省 石家庄市 新乐市
11%
河北省 石家庄市 元氏县
11%
河北省 石家庄市 灵寿县
11%
河北省 邢台市 信都区
11%
河北省 张家口市 赤城县
11%
河北省 张家口市 康保县
11%
河北省 张家口市 阳原县
11%
河北省 张家口市 怀安县
11%
河南省 安阳市 龙安区
11%
河南省 安阳市 内黄县
11%
河南省 开封市 顺河回族区
11%
河南省 洛阳市 宜阳县
11%
河南省 南阳市 方城县
11%
河南省 南阳市 西峡县
11%
河南省 南阳市 宛城区
11%
河南省 南阳市 桐柏县
11%
河南省 平顶山市 郏县
11%
河南省 濮阳市 华龙区
11%
河南省 濮阳市 南乐县
11%
河南省 信阳市 光山县
11%
河南省 许昌市 鄢陵县
11%
河南省 周口市 淮阳区
11%
黑龙江省 哈尔滨市 双城区
11%
黑龙江省 鹤岗市 兴山区
11%
黑龙江省 黑河市 孙吴县
11%
黑龙江省 牡丹江市 穆棱市
11%
湖北省 恩施土家族苗族自治州 来凤县
11%
湖北省 黄冈市 蕲春县
11%
湖北省 黄冈市 武穴市
11%
湖北省 十堰市 茅箭区
11%
湖北省 十堰市 竹溪县
11%
湖北省 随州市 曾都区
11%
湖北省 襄阳市 谷城县
11%
湖北省 孝感市 云梦县
11%
湖北省 宜昌市 兴山县
11%
湖北省 宜昌市 猇亭区
11%
湖南省 郴州市 桂阳县
11%
湖南省 衡阳市 祁东县
11%
湖南省 衡阳市 蒸湘区
11%
湖南省 怀化市 洪江市
11%
湖南省 怀化市 中方县
11%
湖南省 怀化市 沅陵县
11%
湖南省 邵阳市 洞口县
11%
湖南省 邵阳市 新宁县
11%
湖南省 益阳市 安化县
11%
湖南省 永州市 江永县
11%
湖南省 岳阳市 平江县
11%
湖南省 张家界市 桑植县
11%
吉林省 白山市 靖宇县
11%
吉林省 吉林市 磐石市
11%
吉林省 四平市 双辽市
11%
吉林省 延边朝鲜族自治州 和龙市
11%
吉林省 长春市 绿园区
11%
吉林省 长春市 二道区
11%
江西省 赣州市 南康区
11%
江西省 景德镇市 浮梁县
11%
江西省 九江市 武宁县
11%
江西省 南昌市 安义县
11%
江西省 萍乡市 芦溪县
11%
江西省 上饶市 信州区
11%
江西省 鹰潭市 贵溪市
11%
辽宁省 丹东市 宽甸满族自治县
11%
辽宁省 葫芦岛市 南票区
11%
辽宁省 沈阳市 新民市
11%
内蒙古自治区 赤峰市 喀喇沁旗
11%
内蒙古自治区 赤峰市 巴林左旗
11%
内蒙古自治区 鄂尔多斯市 杭锦旗
11%
内蒙古自治区 鄂尔多斯市 准格尔旗
11%
内蒙古自治区 呼和浩特市 武川县
11%
内蒙古自治区 呼和浩特市 赛罕区
11%
内蒙古自治区 呼伦贝尔市 扎赉诺尔区
11%
内蒙古自治区 通辽市 霍林郭勒市
11%
内蒙古自治区 乌海市 乌达区
11%
内蒙古自治区 乌海市 海勃湾区
11%
内蒙古自治区 锡林郭勒盟 镶黄旗
11%
内蒙古自治区 锡林郭勒盟 正蓝旗
11%
宁夏回族自治区 吴忠市 盐池县
11%
宁夏回族自治区 中卫市 海原县
11%
青海省 果洛藏族自治州 玛多县
11%
青海省 海北藏族自治州 祁连县
11%
青海省 海西蒙古族藏族自治州 都兰县
11%
青海省 海西蒙古族藏族自治州 大柴旦行政委员会
11%
青海省 西宁市 湟源县
11%
青海省 玉树藏族自治州 治多县
11%
青海省 玉树藏族自治州 曲麻莱县
11%
山东省 德州市 宁津县
11%
山东省 枣庄市 山亭区
11%
山西省 大同市 灵丘县
11%
山西省 大同市 阳高县
11%
山西省 晋城市 沁水县
11%
山西省 晋中市 灵石县
11%
山西省 临汾市 永和县
11%
山西省 临汾市 尧都区
11%
山西省 吕梁市 离石区
11%
山西省 吕梁市 文水县
11%
山西省 太原市 清徐县
11%
山西省 忻州市 偏关县
11%
山西省 忻州市 繁峙县
11%
山西省 忻州市 宁武县
11%
山西省 忻州市 神池县
11%
山西省 忻州市 岢岚县
11%
山西省 运城市 万荣县
11%
山西省 运城市 稷山县
11%
山西省 运城市 平陆县
11%
山西省 长治市 沁源县
11%
山西省 长治市 平顺县
11%
山西省 长治市 潞州区
11%
山西省 长治市 上党区
11%
陕西省 安康市 白河县
11%
陕西省 宝鸡市 凤翔区
11%
陕西省 宝鸡市 岐山县
11%
陕西省 汉中市 勉县
11%
陕西省 商洛市 商南县
11%
陕西省 西安市 阎良区
11%
陕西省 西安市 高陵区
11%
陕西省 咸阳市 杨陵区
11%
陕西省 咸阳市 泾阳县
11%
陕西省 延安市 宜川县
11%
陕西省 延安市 黄龙县
11%
陕西省 榆林市 靖边县
11%
陕西省 榆林市 佳县
11%
四川省 阿坝藏族羌族自治州 松潘县
11%
四川省 阿坝藏族羌族自治州 小金县
11%
四川省 阿坝藏族羌族自治州 若尔盖县
11%
四川省 成都市 蒲江县
11%
四川省 达州市 万源市
11%
四川省 甘孜藏族自治州 巴塘县
11%
四川省 广元市 剑阁县
11%
四川省 凉山彝族自治州 木里藏族自治县
11%
四川省 内江市 隆昌市
11%
四川省 攀枝花市 米易县
11%
四川省 雅安市 雨城区
11%
西藏自治区 阿里地区 改则县
11%
西藏自治区 阿里地区 噶尔县
11%
西藏自治区 林芝市 工布江达县
11%
西藏自治区 林芝市 波密县
11%
西藏自治区 那曲市 安多县
11%
香港特别行政区 香港特别行政区 葵青区
11%
新疆维吾尔自治区 和田地区 皮山县
11%
新疆维吾尔自治区 喀什地区 塔什库尔干塔吉克自治县
11%
新疆维吾尔自治区 克孜勒苏柯尔克孜自治州 阿图什市
11%
新疆维吾尔自治区 塔城地区 乌苏市
11%
新疆维吾尔自治区 乌鲁木齐市 新市区
11%
云南省 迪庆藏族自治州 德钦县
11%
云南省 普洱市 澜沧拉祜族自治县
11%
云南省 玉溪市 红塔区
11%
云南省 昭通市 盐津县
11%
云南省 昭通市 水富市
11%
浙江省 丽水市 庆元县
11%
浙江省 丽水市 遂昌县
11%
安徽省 安庆市 大观区
10%
安徽省 安庆市 望江县
10%
安徽省 蚌埠市 蚌山区
10%
安徽省 池州市 贵池区
10%
安徽省 阜阳市 颍东区
10%
安徽省 阜阳市 颍泉区
10%
福建省 南平市 政和县
10%
福建省 宁德市 周宁县
10%
甘肃省 定西市 陇西县
10%
广西壮族自治区 桂林市 雁山区
10%
广西壮族自治区 河池市 巴马瑶族自治县
10%
广西壮族自治区 贺州市 平桂区
10%
广西壮族自治区 柳州市 柳江区
10%
广西壮族自治区 柳州市 柳北区
10%
广西壮族自治区 柳州市 三江侗族自治县
10%
广西壮族自治区 钦州市 钦北区
10%
广西壮族自治区 钦州市 钦南区
10%
广西壮族自治区 玉林市 博白县
10%
贵州省 毕节市 七星关区
10%
贵州省 黔东南苗族侗族自治州 天柱县
10%
贵州省 遵义市 务川仡佬族苗族自治县
10%
河北省 保定市 博野县
10%
河北省 保定市 定兴县
10%
河北省 沧州市 孟村回族自治县
10%
河北省 衡水市 武强县
10%
河北省 石家庄市 深泽县
10%
河南省 商丘市 虞城县
10%
河南省 商丘市 民权县
10%
河南省 新乡市 延津县
10%
河南省 驻马店市 上蔡县
10%
河南省 驻马店市 西平县
10%
河南省 驻马店市 驿城区
10%
黑龙江省 齐齐哈尔市 富裕县
10%
黑龙江省 绥化市 肇东市
10%
黑龙江省 绥化市 海伦市
10%
黑龙江省 伊春市 铁力市
10%
湖北省 鄂州市 梁子湖区
10%
湖北省 恩施土家族苗族自治州 咸丰县
10%
湖北省 恩施土家族苗族自治州 建始县
10%
湖北省 黄石市 黄石港区
10%
湖北省 十堰市 张湾区
10%
湖北省 咸宁市 嘉鱼县
10%
湖北省 孝感市 孝昌县
10%
湖北省 孝感市 安陆市
10%
湖南省 衡阳市 南岳区
10%
湖南省 娄底市 双峰县
10%
湖南省 湘西土家族苗族自治州 泸溪县
10%
湖南省 湘西土家族苗族自治州 古丈县
10%
湖南省 张家界市 慈利县
10%
湖南省 株洲市 攸县
10%
吉林省 白城市 洮南市
10%
吉林省 吉林市 舒兰市
10%
江西省 抚州市 临川区
10%
江西省 赣州市 定南县
10%
江西省 萍乡市 湘东区
10%
江西省 上饶市 德兴市
10%
辽宁省 朝阳市 建平县
10%
辽宁省 丹东市 振兴区
10%
辽宁省 锦州市 黑山县
10%
辽宁省 辽阳市 白塔区
10%
辽宁省 沈阳市 大东区
10%
辽宁省 铁岭市 银州区
10%
辽宁省 铁岭市 开原市
10%
内蒙古自治区 赤峰市 巴林右旗
10%
内蒙古自治区 呼和浩特市 玉泉区
10%
内蒙古自治区 乌兰察布市 丰镇市
10%
宁夏回族自治区 银川市 兴庆区
10%
山东省 德州市 庆云县
10%
山西省 临汾市 乡宁县
10%
山西省 临汾市 襄汾县
10%
山西省 吕梁市 中阳县
10%
山西省 吕梁市 交口县
10%
山西省 朔州市 平鲁区
10%
山西省 忻州市 河曲县
10%
山西省 忻州市 静乐县
10%
山西省 忻州市 定襄县
10%
山西省 运城市 垣曲县
10%
陕西省 安康市 岚皋县
10%
陕西省 汉中市 宁强县
10%
陕西省 商洛市 商州区
10%
陕西省 渭南市 临渭区
10%
陕西省 渭南市 大荔县
10%
陕西省 咸阳市 武功县
10%
陕西省 咸阳市 三原县
10%
陕西省 延安市 志丹县
10%
陕西省 延安市 延长县
10%
陕西省 延安市 洛川县
10%
陕西省 榆林市 横山区
10%
陕西省 榆林市 米脂县
10%
四川省 甘孜藏族自治州 色达县
10%
四川省 广安市 华蓥市
10%
四川省 泸州市 合江县
10%
四川省 攀枝花市 仁和区
10%
西藏自治区 山南市 贡嘎县
10%
新疆维吾尔自治区 巴音郭楞蒙古自治州 轮台县
10%
新疆维吾尔自治区 博尔塔拉蒙古自治州 阿拉山口市
10%
新疆维吾尔自治区 哈密市 伊吾县
10%
新疆维吾尔自治区 吐鲁番市 高昌区
10%
云南省 丽江市 玉龙纳西族自治县
10%
安徽省 安庆市 宜秀区
9%
安徽省 蚌埠市 龙子湖区
9%
安徽省 阜阳市 阜南县
9%
安徽省 淮北市 杜集区
9%
安徽省 淮南市 潘集区
9%
安徽省 芜湖市 湾沚区
9%
福建省 南平市 顺昌县
9%
福建省 南平市 松溪县
9%
福建省 宁德市 寿宁县
9%
福建省 宁德市 柘荣县
9%
福建省 三明市 尤溪县
9%
福建省 三明市 将乐县
9%
福建省 漳州市 龙文区
9%
福建省 漳州市 长泰区
9%
福建省 漳州市 华安县
9%
福建省 漳州市 南靖县
9%
甘肃省 定西市 渭源县
9%
甘肃省 甘南藏族自治州 夏河县
9%
甘肃省 兰州市 永登县
9%
甘肃省 兰州市 西固区
9%
甘肃省 兰州市 红古区
9%
甘肃省 天水市 秦安县
9%
甘肃省 天水市 秦州区
9%
广西壮族自治区 北海市 银海区
9%
广西壮族自治区 桂林市 叠彩区
9%
广西壮族自治区 桂林市 临桂区
9%
广西壮族自治区 河池市 宜州区
9%
广西壮族自治区 河池市 金城江区
9%
广西壮族自治区 钦州市 灵山县
9%
广西壮族自治区 梧州市 龙圩区
9%
广西壮族自治区 梧州市 万秀区
9%
广西壮族自治区 梧州市 蒙山县
9%
贵州省 安顺市 镇宁布依族苗族自治县
9%
贵州省 贵阳市 息烽县
9%
贵州省 黔东南苗族侗族自治州 锦屏县
9%
贵州省 铜仁市 印江土家族苗族自治县
9%
河北省 保定市 高阳县
9%
河北省 沧州市 肃宁县
9%
河北省 邯郸市 鸡泽县
9%
河北省 邯郸市 邱县
9%
河北省 邯郸市 肥乡区
9%
河北省 衡水市 阜城县
9%
河北省 衡水市 故城县
9%
河北省 衡水市 枣强县
9%
河北省 衡水市 饶阳县
9%
河北省 石家庄市 高邑县
9%
河北省 石家庄市 行唐县
9%
河北省 石家庄市 赞皇县
9%
河北省 张家口市 万全区
9%
河北省 张家口市 尚义县
9%
河南省 安阳市 文峰区
9%
河南省 安阳市 汤阴县
9%
河南省 鹤壁市 山城区
9%
河南省 焦作市 武陟县
9%
河南省 焦作市 修武县
9%
河南省 焦作市 马村区
9%
河南省 焦作市 孟州市
9%
河南省 开封市 尉氏县
9%
河南省 开封市 禹王台区
9%
河南省 开封市 龙亭区
9%
河南省 开封市 祥符区
9%
河南省 洛阳市 孟津区
9%
河南省 洛阳市 涧西区
9%
河南省 洛阳市 瀍河回族区
9%
河南省 南阳市 社旗县
9%
河南省 南阳市 镇平县
9%
河南省 平顶山市 鲁山县
9%
河南省 商丘市 夏邑县
9%
河南省 新乡市 原阳县
9%
河南省 新乡市 牧野区
9%
河南省 周口市 郸城县
9%
河南省 驻马店市 平舆县
9%
黑龙江省 大庆市 让胡路区
9%
黑龙江省 大庆市 杜尔伯特蒙古族自治县
9%
黑龙江省 哈尔滨市 松北区
9%
黑龙江省 鹤岗市 萝北县
9%
黑龙江省 鸡西市 恒山区
9%
黑龙江省 佳木斯市 前进区
9%
黑龙江省 齐齐哈尔市 梅里斯达斡尔族区
9%
黑龙江省 齐齐哈尔市 昂昂溪区
9%
湖北省 荆门市 掇刀区
9%
湖北省 宜昌市 长阳土家族自治县
9%
湖北省 宜昌市 伍家岗区
9%
湖南省 郴州市 永兴县
9%
湖南省 郴州市 宜章县
9%
湖南省 郴州市 临武县
9%
湖南省 郴州市 资兴市
9%
湖南省 衡阳市 珠晖区
9%
湖南省 怀化市 靖州苗族侗族自治县
9%
湖南省 怀化市 会同县
9%
湖南省 怀化市 溆浦县
9%
湖南省 怀化市 新晃侗族自治县
9%
湖南省 怀化市 麻阳苗族自治县
9%
湖南省 邵阳市 绥宁县
9%
湖南省 湘潭市 岳塘区
9%
湖南省 湘潭市 雨湖区
9%
湖南省 湘西土家族苗族自治州 永顺县
9%
湖南省 益阳市 桃江县
9%
湖南省 永州市 双牌县
9%
湖南省 永州市 宁远县
9%
湖南省 永州市 蓝山县
9%
湖南省 岳阳市 湘阴县
9%
吉林省 吉林市 蛟河市
9%
吉林省 吉林市 桦甸市
9%
吉林省 吉林市 丰满区
9%
吉林省 吉林市 永吉县
9%
吉林省 延边朝鲜族自治州 汪清县
9%
吉林省 长春市 农安县
9%
吉林省 长春市 南关区
9%
江西省 抚州市 南丰县
9%
江西省 赣州市 信丰县
9%
江西省 赣州市 兴国县
9%
江西省 吉安市 新干县
9%
江西省 九江市 浔阳区
9%
江西省 九江市 柴桑区
9%
江西省 九江市 彭泽县
9%
江西省 九江市 湖口县
9%
江西省 九江市 都昌县
9%
江西省 上饶市 万年县
9%
江西省 上饶市 弋阳县
9%
江西省 上饶市 广丰区
9%
江西省 新余市 分宜县
9%
江西省 宜春市 袁州区
9%
江西省 宜春市 靖安县
9%
辽宁省 鞍山市 岫岩满族自治县
9%
辽宁省 朝阳市 喀喇沁左翼蒙古族自治县
9%
辽宁省 朝阳市 龙城区
9%
辽宁省 大连市 西岗区
9%
辽宁省 丹东市 振安区
9%
辽宁省 锦州市 北镇市
9%
辽宁省 沈阳市 苏家屯区
9%
辽宁省 沈阳市 辽中区
9%
内蒙古自治区 巴彦淖尔市 磴口县
9%
内蒙古自治区 包头市 九原区
9%
内蒙古自治区 赤峰市 宁城县
9%
内蒙古自治区 鄂尔多斯市 乌审旗
9%
内蒙古自治区 呼伦贝尔市 鄂温克族自治旗
9%
内蒙古自治区 呼伦贝尔市 阿荣旗
9%
内蒙古自治区 通辽市 开鲁县
9%
内蒙古自治区 通辽市 科尔沁左翼中旗
9%
内蒙古自治区 通辽市 科尔沁左翼后旗
9%
内蒙古自治区 乌兰察布市 集宁区
9%
内蒙古自治区 锡林郭勒盟 苏尼特右旗
9%
内蒙古自治区 锡林郭勒盟 苏尼特左旗
9%
内蒙古自治区 锡林郭勒盟 正镶白旗
9%
内蒙古自治区 兴安盟 科尔沁右翼中旗
9%
内蒙古自治区 兴安盟 科尔沁右翼前旗
9%
宁夏回族自治区 固原市 泾源县
9%
宁夏回族自治区 银川市 贺兰县
9%
宁夏回族自治区 银川市 永宁县
9%
宁夏回族自治区 银川市 金凤区
9%
青海省 海东市 乐都区
9%
青海省 海东市 互助土族自治县
9%
青海省 海东市 民和回族土族自治县
9%
青海省 海西蒙古族藏族自治州 天峻县
9%
青海省 黄南藏族自治州 同仁市
9%
青海省 玉树藏族自治州 称多县
9%
青海省 玉树藏族自治州 杂多县
9%
山东省 菏泽市 成武县
9%
山西省 晋中市 榆社县
9%
山西省 晋中市 寿阳县
9%
山西省 临汾市 大宁县
9%
山西省 临汾市 汾西县
9%
山西省 吕梁市 石楼县
9%
山西省 吕梁市 柳林县
9%
山西省 吕梁市 方山县
9%
山西省 忻州市 保德县
9%
山西省 运城市 闻喜县
9%
山西省 长治市 武乡县
9%
山西省 长治市 襄垣县
9%
山西省 长治市 壶关县
9%
山西省 长治市 长子县
9%
陕西省 安康市 紫阳县
9%
陕西省 宝鸡市 太白县
9%
陕西省 宝鸡市 扶风县
9%
陕西省 汉中市 汉台区
9%
陕西省 汉中市 南郑区
9%
陕西省 汉中市 略阳县
9%
陕西省 商洛市 镇安县
9%
陕西省 商洛市 丹凤县
9%
陕西省 渭南市 白水县
9%
陕西省 咸阳市 长武县
9%
陕西省 延安市 安塞区
9%
陕西省 延安市 吴起县
9%
四川省 巴中市 南江县
9%
四川省 达州市 通川区
9%
四川省 达州市 达川区
9%
四川省 甘孜藏族自治州 炉霍县
9%
四川省 甘孜藏族自治州 德格县
9%
四川省 凉山彝族自治州 冕宁县
9%
四川省 凉山彝族自治州 美姑县
9%
四川省 绵阳市 平武县
9%
四川省 绵阳市 涪城区
9%
四川省 南充市 嘉陵区
9%
四川省 内江市 资中县
9%
四川省 攀枝花市 盐边县
9%
四川省 雅安市 汉源县
9%
四川省 自贡市 自流井区
9%
四川省 自贡市 贡井区
9%
西藏自治区 日喀则市 江孜县
9%
新疆维吾尔自治区 阿勒泰地区 福海县
9%
新疆维吾尔自治区 阿勒泰地区 富蕴县
9%
新疆维吾尔自治区 巴音郭楞蒙古自治州 焉耆回族自治县
9%
新疆维吾尔自治区 巴音郭楞蒙古自治州 博湖县
9%
新疆维吾尔自治区 哈密市 巴里坤哈萨克自治县
9%
新疆维吾尔自治区 和田地区 墨玉县
9%
新疆维吾尔自治区 和田地区 策勒县
9%
新疆维吾尔自治区 喀什地区 疏勒县
9%
新疆维吾尔自治区 克拉玛依市 独山子区
9%
新疆维吾尔自治区 克孜勒苏柯尔克孜自治州 乌恰县
9%
新疆维吾尔自治区 乌鲁木齐市 达坂城区
9%
云南省 楚雄彝族自治州 禄丰市
9%
云南省 迪庆藏族自治州 维西傈僳族自治县
9%
云南省 文山壮族苗族自治州 砚山县
9%
安徽省 淮北市 相山区
8%
福建省 南平市 光泽县
8%
甘肃省 白银市 平川区
8%
甘肃省 白银市 景泰县
8%
甘肃省 定西市 临洮县
8%
甘肃省 甘南藏族自治州 碌曲县
8%
甘肃省 甘南藏族自治州 迭部县
8%
甘肃省 兰州市 七里河区
8%
甘肃省 临夏回族自治州 积石山保安族东乡族撒拉族自治县
8%
甘肃省 陇南市 两当县
8%
甘肃省 平凉市 泾川县
8%
甘肃省 平凉市 灵台县
8%
甘肃省 庆阳市 正宁县
8%
甘肃省 天水市 武山县
8%
甘肃省 天水市 张家川回族自治县
8%
甘肃省 武威市 天祝藏族自治县
8%
甘肃省 张掖市 高台县
8%
广西壮族自治区 百色市 田林县
8%
广西壮族自治区 贵港市 港北区
8%
广西壮族自治区 桂林市 资源县
8%
广西壮族自治区 桂林市 灌阳县
8%
广西壮族自治区 贺州市 富川瑶族自治县
8%
广西壮族自治区 贺州市 昭平县
8%
广西壮族自治区 来宾市 象州县
8%
广西壮族自治区 来宾市 合山市
8%
广西壮族自治区 南宁市 隆安县
8%
广西壮族自治区 南宁市 马山县
8%
广西壮族自治区 南宁市 宾阳县
8%
广西壮族自治区 梧州市 长洲区
8%
贵州省 毕节市 大方县
8%
贵州省 毕节市 威宁彝族回族苗族自治县
8%
贵州省 贵阳市 观山湖区
8%
贵州省 贵阳市 开阳县
8%
贵州省 贵阳市 云岩区
8%
贵州省 黔东南苗族侗族自治州 黎平县
8%
贵州省 黔南布依族苗族自治州 贵定县
8%
贵州省 黔南布依族苗族自治州 荔波县
8%
贵州省 黔南布依族苗族自治州 龙里县
8%
贵州省 遵义市 绥阳县
8%
贵州省 遵义市 红花岗区
8%
贵州省 遵义市 播州区
8%
河北省 保定市 望都县
8%
河北省 保定市 顺平县
8%
河北省 保定市 竞秀区
8%
河北省 邯郸市 曲周县
8%
河北省 邯郸市 丛台区
8%
河北省 邯郸市 复兴区
8%
河北省 邢台市 临西县
8%
河北省 邢台市 宁晋县
8%
河北省 邢台市 襄都区
8%
河北省 邢台市 南和区
8%
河南省 安阳市 北关区
8%
河南省 焦作市 博爱县
8%
河南省 洛阳市 洛宁县
8%
河南省 漯河市 临颍县
8%
河南省 新乡市 封丘县
8%
河南省 新乡市 卫滨区
8%
河南省 新乡市 凤泉区
8%
河南省 信阳市 淮滨县
8%
河南省 信阳市 潢川县
8%
河南省 信阳市 浉河区
8%
河南省 周口市 太康县
8%
河南省 周口市 鹿邑县
8%
黑龙江省 大庆市 萨尔图区
8%
黑龙江省 大庆市 肇州县
8%
黑龙江省 哈尔滨市 依兰县
8%
黑龙江省 鹤岗市 向阳区
8%
黑龙江省 黑河市 逊克县
8%
黑龙江省 鸡西市 梨树区
8%
黑龙江省 鸡西市 鸡冠区
8%
黑龙江省 佳木斯市 向阳区
8%
黑龙江省 牡丹江市 海林市
8%
黑龙江省 齐齐哈尔市 富拉尔基区
8%
黑龙江省 齐齐哈尔市 铁锋区
8%
黑龙江省 绥化市 庆安县
8%
湖北省 恩施土家族苗族自治州 宣恩县
8%
湖北省 黄冈市 英山县
8%
湖北省 黄石市 阳新县
8%
湖北省 荆门市 沙洋县
8%
湖北省 孝感市 大悟县
8%
湖北省 孝感市 应城市
8%
湖北省 宜昌市 点军区
8%
湖南省 常德市 汉寿县
8%
湖南省 郴州市 桂东县
8%
湖南省 郴州市 苏仙区
8%
湖南省 衡阳市 雁峰区
8%
湖南省 衡阳市 石鼓区
8%
湖南省 娄底市 娄星区
8%
湖南省 邵阳市 城步苗族自治县
8%
湖南省 邵阳市 大祥区
8%
湖南省 湘西土家族苗族自治州 保靖县
8%
湖南省 益阳市 赫山区
8%
湖南省 永州市 江华瑶族自治县
8%
湖南省 株洲市 天元区
8%
湖南省 株洲市 渌口区
8%
湖南省 株洲市 芦淞区
8%
吉林省 白城市 镇赉县
8%
吉林省 吉林市 船营区
8%
吉林省 四平市 梨树县
8%
吉林省 松原市 前郭尔罗斯蒙古族自治县
8%
吉林省 通化市 柳河县
8%
吉林省 通化市 二道江区
8%
吉林省 延边朝鲜族自治州 安图县
8%
吉林省 长春市 九台区
8%
吉林省 长春市 双阳区
8%
江西省 抚州市 乐安县
8%
江西省 抚州市 广昌县
8%
江西省 赣州市 大余县
8%
江西省 赣州市 宁都县
8%
江西省 吉安市 泰和县
8%
江西省 景德镇市 珠山区
8%
江西省 九江市 濂溪区
8%
江西省 九江市 永修县
8%
江西省 上饶市 余干县
8%
江西省 宜春市 万载县
8%
江西省 宜春市 上高县
8%
江西省 鹰潭市 余江区
8%
辽宁省 鞍山市 台安县
8%
辽宁省 鞍山市 千山区
8%
辽宁省 本溪市 桓仁满族自治县
8%
辽宁省 阜新市 太平区
8%
辽宁省 葫芦岛市 绥中县
8%
辽宁省 锦州市 凌河区
8%
辽宁省 盘锦市 盘山县
8%
辽宁省 沈阳市 康平县
8%
辽宁省 沈阳市 于洪区
8%
辽宁省 铁岭市 昌图县
8%
辽宁省 营口市 站前区
8%
内蒙古自治区 巴彦淖尔市 乌拉特后旗
8%
内蒙古自治区 巴彦淖尔市 乌拉特中旗
8%
内蒙古自治区 巴彦淖尔市 乌拉特前旗
8%
内蒙古自治区 包头市 土默特右旗
8%
内蒙古自治区 包头市 达尔罕茂明安联合旗
8%
内蒙古自治区 包头市 昆都仑区
8%
内蒙古自治区 赤峰市 林西县
8%
内蒙古自治区 赤峰市 克什克腾旗
8%
内蒙古自治区 赤峰市 阿鲁科尔沁旗
8%
内蒙古自治区 赤峰市 元宝山区
8%
内蒙古自治区 鄂尔多斯市 鄂托克旗
8%
内蒙古自治区 鄂尔多斯市 康巴什区
8%
内蒙古自治区 呼和浩特市 土默特左旗
8%
内蒙古自治区 通辽市 扎鲁特旗
8%
内蒙古自治区 乌兰察布市 察哈尔右翼后旗
8%
内蒙古自治区 乌兰察布市 察哈尔右翼前旗
8%
内蒙古自治区 乌兰察布市 凉城县
8%
宁夏回族自治区 固原市 隆德县
8%
宁夏回族自治区 石嘴山市 平罗县
8%
宁夏回族自治区 吴忠市 同心县
8%
宁夏回族自治区 中卫市 中宁县
8%
青海省 海北藏族自治州 刚察县
8%
青海省 海北藏族自治州 海晏县
8%
青海省 海北藏族自治州 门源回族自治县
8%
青海省 海东市 化隆回族自治县
8%
山西省 大同市 广灵县
8%
山西省 晋中市 太谷区
8%
山西省 晋中市 和顺县
8%
山西省 晋中市 昔阳县
8%
山西省 运城市 临猗县
8%
陕西省 安康市 石泉县
8%
陕西省 安康市 宁陕县
8%
陕西省 安康市 汉阴县
8%
陕西省 安康市 平利县
8%
陕西省 宝鸡市 渭滨区
8%
陕西省 宝鸡市 麟游县
8%
陕西省 汉中市 镇巴县
8%
陕西省 商洛市 洛南县
8%
陕西省 铜川市 耀州区
8%
陕西省 铜川市 宜君县
8%
陕西省 渭南市 合阳县
8%
陕西省 咸阳市 礼泉县
8%
陕西省 延安市 延川县
8%
四川省 阿坝藏族羌族自治州 黑水县
8%
四川省 阿坝藏族羌族自治州 壤塘县
8%
四川省 巴中市 巴州区
8%
四川省 达州市 大竹县
8%
四川省 达州市 渠县
8%
四川省 甘孜藏族自治州 丹巴县
8%
四川省 甘孜藏族自治州 雅江县
8%
四川省 甘孜藏族自治州 新龙县
8%
四川省 甘孜藏族自治州 乡城县
8%
四川省 广安市 岳池县
8%
四川省 广安市 邻水县
8%
四川省 广元市 利州区
8%
四川省 乐山市 峨边彝族自治县
8%
四川省 凉山彝族自治州 金阳县
8%
四川省 凉山彝族自治州 雷波县
8%
四川省 凉山彝族自治州 甘洛县
8%
四川省 凉山彝族自治州 越西县
8%
四川省 眉山市 东坡区
8%
四川省 眉山市 彭山区
8%
四川省 南充市 西充县
8%
四川省 内江市 威远县
8%
四川省 雅安市 芦山县
8%
四川省 自贡市 富顺县
8%
西藏自治区 阿里地区 札达县
8%
西藏自治区 昌都市 芒康县
8%
西藏自治区 昌都市 丁青县
8%
西藏自治区 昌都市 江达县
8%
西藏自治区 昌都市 卡若区
8%
西藏自治区 拉萨市 达孜区
8%
西藏自治区 林芝市 巴宜区
8%
西藏自治区 林芝市 朗县
8%
西藏自治区 那曲市 巴青县
8%
西藏自治区 那曲市 索县
8%
西藏自治区 日喀则市 桑珠孜区
8%
西藏自治区 山南市 乃东区
8%
新疆维吾尔自治区 巴音郭楞蒙古自治州 尉犁县
8%
新疆维吾尔自治区 巴音郭楞蒙古自治州 和静县
8%
新疆维吾尔自治区 博尔塔拉蒙古自治州 精河县
8%
新疆维吾尔自治区 昌吉回族自治州 玛纳斯县
8%
新疆维吾尔自治区 昌吉回族自治州 奇台县
8%
新疆维吾尔自治区 昌吉回族自治州 吉木萨尔县
8%
新疆维吾尔自治区 吐鲁番市 托克逊县
8%
新疆维吾尔自治区 乌鲁木齐市 头屯河区
8%
新疆维吾尔自治区 乌鲁木齐市 水磨沟区
8%
新疆维吾尔自治区 伊犁哈萨克自治州 新源县
8%
云南省 红河哈尼族彝族自治州 开远市
8%
云南省 昆明市 晋宁区
8%
云南省 昆明市 盘龙区
8%
云南省 丽江市 华坪县
8%
云南省 丽江市 宁蒗彝族自治县
8%
云南省 普洱市 思茅区
8%
云南省 曲靖市 富源县
8%
云南省 曲靖市 马龙区
8%
云南省 文山壮族苗族自治州 广南县
8%
云南省 昭通市 镇雄县
8%
甘肃省 白银市 靖远县
7%
甘肃省 甘南藏族自治州 临潭县
7%
甘肃省 甘南藏族自治州 卓尼县
7%
甘肃省 陇南市 宕昌县
7%
甘肃省 天水市 甘谷县
7%
甘肃省 武威市 古浪县
7%
甘肃省 张掖市 临泽县
7%
广西壮族自治区 百色市 右江区
7%
广西壮族自治区 贵港市 港南区
7%
广西壮族自治区 桂林市 永福县
7%
广西壮族自治区 河池市 罗城仫佬族自治县
7%
广西壮族自治区 河池市 都安瑶族自治县
7%
广西壮族自治区 柳州市 融安县
7%
广西壮族自治区 玉林市 陆川县
7%
广西壮族自治区 玉林市 玉州区
7%
贵州省 安顺市 普定县
7%
贵州省 贵阳市 修文县
7%
贵州省 黔南布依族苗族自治州 福泉市
7%
贵州省 铜仁市 碧江区
7%
贵州省 铜仁市 万山区
7%
贵州省 铜仁市 沿河土家族自治县
7%
贵州省 遵义市 桐梓县
7%
贵州省 遵义市 道真仡佬族苗族自治县
7%
河北省 邢台市 平乡县
7%
河北省 邢台市 新河县
7%
河北省 邢台市 内丘县
7%
河北省 邢台市 临城县
7%
河北省 邢台市 任泽区
7%
河南省 焦作市 中站区
7%
河南省 漯河市 郾城区
7%
河南省 平顶山市 宝丰县
7%
河南省 信阳市 平桥区
7%
河南省 周口市 商水县
7%
河南省 周口市 西华县
7%
河南省 驻马店市 遂平县
7%
河南省 驻马店市 正阳县
7%
黑龙江省 大庆市 肇源县
7%
黑龙江省 哈尔滨市 方正县
7%
黑龙江省 齐齐哈尔市 克山县
7%
湖北省 黄冈市 浠水县
7%
湖北省 黄冈市 团风县
7%
湖北省 黄石市 西塞山区
7%
湖北省 咸宁市 通城县
7%
湖北省 咸宁市 咸安区
7%
湖北省 宜昌市 五峰土家族自治县
7%
湖南省 常德市 鼎城区
7%
湖南省 郴州市 嘉禾县
7%
湖南省 郴州市 安仁县
7%
湖南省 怀化市 辰溪县
7%
湖南省 邵阳市 北塔区
7%
湖南省 邵阳市 新邵县
7%
湖南省 邵阳市 双清区
7%
湖南省 岳阳市 云溪区
7%
湖南省 株洲市 石峰区
7%
吉林省 白城市 洮北区
7%
吉林省 白山市 江源区
7%
吉林省 松原市 长岭县
7%
江西省 赣州市 会昌县
7%
江西省 赣州市 寻乌县
7%
江西省 吉安市 吉水县
7%
江西省 萍乡市 安源区
7%
江西省 上饶市 横峰县
7%
江西省 新余市 渝水区
7%
江西省 鹰潭市 月湖区
7%
辽宁省 抚顺市 清原满族自治县
7%
辽宁省 抚顺市 新宾满族自治县
7%
辽宁省 锦州市 古塔区
7%
辽宁省 营口市 老边区
7%
内蒙古自治区 巴彦淖尔市 杭锦后旗
7%
内蒙古自治区 乌兰察布市 察哈尔右翼中旗
7%
宁夏回族自治区 石嘴山市 惠农区
7%
青海省 玉树藏族自治州 囊谦县
7%
山西省 大同市 新荣区
7%
山西省 晋城市 陵川县
7%
山西省 忻州市 五寨县
7%
山西省 长治市 屯留区
7%
陕西省 安康市 汉滨区
7%
陕西省 汉中市 留坝县
7%
陕西省 渭南市 澄城县
7%
陕西省 咸阳市 永寿县
7%
陕西省 榆林市 子洲县
7%
陕西省 榆林市 吴堡县
7%
四川省 巴中市 平昌县
7%
四川省 德阳市 中江县
7%
四川省 甘孜藏族自治州 道孚县
7%
四川省 广安市 前锋区
7%
四川省 广安市 武胜县
7%
四川省 乐山市 马边彝族自治县
7%
四川省 凉山彝族自治州 喜德县
7%
四川省 绵阳市 梓潼县
7%
四川省 雅安市 名山区
7%
四川省 雅安市 荥经县
7%
四川省 宜宾市 翠屏区
7%
四川省 宜宾市 珙县
7%
四川省 宜宾市 兴文县
7%
西藏自治区 阿里地区 措勤县
7%
西藏自治区 昌都市 类乌齐县
7%
西藏自治区 拉萨市 曲水县
7%
西藏自治区 拉萨市 林周县
7%
西藏自治区 日喀则市 谢通门县
7%
西藏自治区 日喀则市 吉隆县
7%
西藏自治区 日喀则市 聂拉木县
7%
西藏自治区 日喀则市 萨嘎县
7%
西藏自治区 山南市 隆子县
7%
西藏自治区 山南市 琼结县
7%
新疆维吾尔自治区 阿勒泰地区 哈巴河县
7%
新疆维吾尔自治区 阿勒泰地区 布尔津县
7%
新疆维吾尔自治区 巴音郭楞蒙古自治州 和硕县
7%
新疆维吾尔自治区 昌吉回族自治州 木垒哈萨克自治县
7%
新疆维吾尔自治区 喀什地区 巴楚县
7%
新疆维吾尔自治区 克孜勒苏柯尔克孜自治州 阿克陶县
7%
新疆维吾尔自治区 伊犁哈萨克自治州 特克斯县
7%
云南省 大理白族自治州 鹤庆县
7%
云南省 大理白族自治州 剑川县
7%
云南省 大理白族自治州 漾濞彝族自治县
7%
云南省 红河哈尼族彝族自治州 石屏县
7%
云南省 昆明市 嵩明县
7%
云南省 曲靖市 罗平县
7%
云南省 玉溪市 通海县
7%
云南省 昭通市 巧家县
7%
甘肃省 定西市 通渭县
6%
甘肃省 定西市 岷县
6%
甘肃省 兰州市 皋兰县
6%
甘肃省 临夏回族自治州 康乐县
6%
甘肃省 临夏回族自治州 永靖县
6%
甘肃省 陇南市 西和县
6%
甘肃省 平凉市 静宁县
6%
甘肃省 庆阳市 庆城县
6%
甘肃省 庆阳市 合水县
6%
甘肃省 庆阳市 华池县
6%
甘肃省 庆阳市 镇原县
6%
甘肃省 庆阳市 西峰区
6%
甘肃省 张掖市 民乐县
6%
广西壮族自治区 百色市 凌云县
6%
广西壮族自治区 百色市 田东县
6%
广西壮族自治区 百色市 西林县
6%
广西壮族自治区 百色市 隆林各族自治县
6%
广西壮族自治区 百色市 田阳区
6%
广西壮族自治区 崇左市 大新县
6%
广西壮族自治区 桂林市 秀峰区
6%
广西壮族自治区 河池市 天峨县
6%
广西壮族自治区 河池市 东兰县
6%
广西壮族自治区 河池市 南丹县
6%
广西壮族自治区 柳州市 鱼峰区
6%
广西壮族自治区 钦州市 浦北县
6%
贵州省 安顺市 紫云苗族布依族自治县
6%
贵州省 毕节市 织金县
6%
贵州省 黔东南苗族侗族自治州 黄平县
6%
贵州省 黔东南苗族侗族自治州 从江县
6%
贵州省 黔南布依族苗族自治州 平塘县
6%
贵州省 黔西南布依族苗族自治州 望谟县
6%
贵州省 黔西南布依族苗族自治州 册亨县
6%
贵州省 铜仁市 玉屏侗族自治县
6%
贵州省 铜仁市 石阡县
6%
贵州省 铜仁市 思南县
6%
贵州省 铜仁市 德江县
6%
贵州省 铜仁市 松桃苗族自治县
6%
贵州省 遵义市 余庆县
6%
贵州省 遵义市 汇川区
6%
河北省 邯郸市 广平县
6%
河北省 邯郸市 成安县
6%
河北省 邢台市 广宗县
6%
河北省 邢台市 柏乡县
6%
河北省 邢台市 隆尧县
6%
河南省 开封市 通许县
6%
河南省 漯河市 召陵区
6%
河南省 南阳市 南召县
6%
河南省 平顶山市 石龙区
6%
河南省 平顶山市 卫东区
6%
河南省 商丘市 柘城县
6%
河南省 商丘市 梁园区
6%
河南省 周口市 沈丘县
6%
河南省 周口市 扶沟县
6%
黑龙江省 大庆市 红岗区
6%
黑龙江省 大庆市 龙凤区
6%
黑龙江省 大庆市 林甸县
6%
黑龙江省 哈尔滨市 木兰县
6%
黑龙江省 鹤岗市 绥滨县
6%
黑龙江省 佳木斯市 桦南县
6%
黑龙江省 佳木斯市 东风区
6%
黑龙江省 牡丹江市 爱民区
6%
黑龙江省 七台河市 勃利县
6%
黑龙江省 七台河市 茄子河区
6%
黑龙江省 齐齐哈尔市 碾子山区
6%
黑龙江省 齐齐哈尔市 建华区
6%
黑龙江省 齐齐哈尔市 龙沙区
6%
黑龙江省 齐齐哈尔市 泰来县
6%
黑龙江省 双鸭山市 饶河县
6%
黑龙江省 双鸭山市 友谊县
6%
黑龙江省 双鸭山市 集贤县
6%
黑龙江省 绥化市 绥棱县
6%
黑龙江省 伊春市 嘉荫县
6%
黑龙江省 伊春市 友好区
6%
湖北省 恩施土家族苗族自治州 鹤峰县
6%
湖北省 黄冈市 罗田县
6%
湖北省 荆门市 东宝区
6%
湖北省 咸宁市 通山县
6%
湖北省 襄阳市 保康县
6%
湖北省 襄阳市 南漳县
6%
湖南省 常德市 安乡县
6%
湖南省 郴州市 汝城县
6%
湖南省 永州市 新田县
6%
湖南省 株洲市 荷塘区
6%
吉林省 白城市 通榆县
6%
吉林省 白山市 抚松县
6%
吉林省 白山市 浑江区
6%
吉林省 吉林市 龙潭区
6%
吉林省 辽源市 东丰县
6%
吉林省 辽源市 东辽县
6%
吉林省 四平市 伊通满族自治县
6%
吉林省 松原市 乾安县
6%
吉林省 松原市 宁江区
6%
吉林省 通化市 辉南县
6%
江西省 抚州市 金溪县
6%
江西省 抚州市 宜黄县
6%
江西省 抚州市 黎川县
6%
江西省 赣州市 上犹县
6%
江西省 赣州市 崇义县
6%
江西省 赣州市 石城县
6%
江西省 赣州市 安远县
6%
江西省 吉安市 安福县
6%
江西省 吉安市 遂川县
6%
江西省 吉安市 万安县
6%
江西省 吉安市 永丰县
6%
江西省 吉安市 青原区
6%
江西省 吉安市 峡江县
6%
江西省 吉安市 永新县
6%
江西省 九江市 德安县
6%
江西省 宜春市 奉新县
6%
江西省 宜春市 铜鼓县
6%
辽宁省 鞍山市 立山区
6%
辽宁省 朝阳市 双塔区
6%
辽宁省 葫芦岛市 建昌县
6%
内蒙古自治区 包头市 固阳县
6%
内蒙古自治区 包头市 石拐区
6%
内蒙古自治区 赤峰市 敖汉旗
6%
内蒙古自治区 赤峰市 翁牛特旗
6%
内蒙古自治区 鄂尔多斯市 鄂托克前旗
6%
内蒙古自治区 鄂尔多斯市 达拉特旗
6%
内蒙古自治区 呼和浩特市 托克托县
6%
内蒙古自治区 呼和浩特市 和林格尔县
6%
内蒙古自治区 呼伦贝尔市 莫力达瓦达斡尔族自治旗
6%
内蒙古自治区 乌兰察布市 卓资县
6%
内蒙古自治区 锡林郭勒盟 西乌珠穆沁旗
6%
内蒙古自治区 锡林郭勒盟 东乌珠穆沁旗
6%
内蒙古自治区 锡林郭勒盟 阿巴嘎旗
6%
宁夏回族自治区 固原市 西吉县
6%
宁夏回族自治区 固原市 原州区
6%
宁夏回族自治区 石嘴山市 大武口区
6%
青海省 黄南藏族自治州 尖扎县
6%
山西省 临汾市 浮山县
6%
山西省 长治市 黎城县
6%
陕西省 宝鸡市 千阳县
6%
陕西省 商洛市 柞水县
6%
陕西省 铜川市 印台区
6%
陕西省 咸阳市 旬邑县
6%
陕西省 延安市 甘泉县
6%
陕西省 榆林市 清涧县
6%
四川省 巴中市 通江县
6%
四川省 达州市 宣汉县
6%
四川省 达州市 开江县
6%
四川省 德阳市 旌阳区
6%
四川省 德阳市 罗江区
6%
四川省 甘孜藏族自治州 白玉县
6%
四川省 甘孜藏族自治州 得荣县
6%
四川省 广元市 朝天区
6%
四川省 乐山市 金口河区
6%
四川省 乐山市 犍为县
6%
四川省 凉山彝族自治州 盐源县
6%
四川省 泸州市 古蔺县
6%
四川省 泸州市 叙永县
6%
四川省 泸州市 江阳区
6%
四川省 眉山市 仁寿县
6%
四川省 绵阳市 三台县
6%
四川省 绵阳市 安州区
6%
四川省 绵阳市 游仙区
6%
四川省 南充市 仪陇县
6%
四川省 南充市 蓬安县
6%
四川省 南充市 顺庆区
6%
四川省 南充市 南部县
6%
四川省 遂宁市 大英县
6%
四川省 遂宁市 船山区
6%
四川省 雅安市 宝兴县
6%
四川省 雅安市 天全县
6%
四川省 宜宾市 叙州区
6%
四川省 宜宾市 江安县
6%
四川省 宜宾市 屏山县
6%
四川省 资阳市 安岳县
6%
四川省 资阳市 乐至县
6%
四川省 自贡市 沿滩区
6%
西藏自治区 昌都市 八宿县
6%
西藏自治区 昌都市 左贡县
6%
西藏自治区 拉萨市 当雄县
6%
西藏自治区 拉萨市 尼木县
6%
西藏自治区 那曲市 色尼区
6%
西藏自治区 那曲市 嘉黎县
6%
西藏自治区 那曲市 比如县
6%
西藏自治区 日喀则市 萨迦县
6%
西藏自治区 日喀则市 拉孜县
6%
西藏自治区 日喀则市 南木林县
6%
西藏自治区 日喀则市 岗巴县
6%
西藏自治区 日喀则市 定结县
6%
西藏自治区 日喀则市 仲巴县
6%
西藏自治区 山南市 浪卡子县
6%
新疆维吾尔自治区 阿克苏地区 温宿县
6%
新疆维吾尔自治区 阿克苏地区 乌什县
6%
新疆维吾尔自治区 阿勒泰地区 青河县
6%
新疆维吾尔自治区 阿勒泰地区 吉木乃县
6%
新疆维吾尔自治区 博尔塔拉蒙古自治州 温泉县
6%
新疆维吾尔自治区 昌吉回族自治州 呼图壁县
6%
新疆维吾尔自治区 和田地区 洛浦县
6%
新疆维吾尔自治区 喀什地区 泽普县
6%
新疆维吾尔自治区 喀什地区 伽师县
6%
新疆维吾尔自治区 喀什地区 疏附县
6%
新疆维吾尔自治区 克拉玛依市 乌尔禾区
6%
新疆维吾尔自治区 克拉玛依市 白碱滩区
6%
新疆维吾尔自治区 伊犁哈萨克自治州 昭苏县
6%
云南省 楚雄彝族自治州 武定县
6%
云南省 楚雄彝族自治州 元谋县
6%
云南省 大理白族自治州 永平县
6%
云南省 大理白族自治州 巍山彝族回族自治县
6%
云南省 红河哈尼族彝族自治州 泸西县
6%
云南省 红河哈尼族彝族自治州 建水县
6%
云南省 昆明市 宜良县
6%
云南省 昆明市 石林彝族自治县
6%
云南省 丽江市 永胜县
6%
云南省 临沧市 沧源佤族自治县
6%
云南省 怒江傈僳族自治州 贡山独龙族怒族自治县
6%
云南省 怒江傈僳族自治州 福贡县
6%
云南省 普洱市 孟连傣族拉祜族佤族自治县
6%
云南省 普洱市 墨江哈尼族自治县
6%
云南省 曲靖市 会泽县
6%
云南省 曲靖市 陆良县
6%
云南省 文山壮族苗族自治州 丘北县
6%
云南省 玉溪市 元江哈尼族彝族傣族自治县
6%
云南省 昭通市 昭阳区
6%
云南省 昭通市 鲁甸县
6%
甘肃省 莲花山风景林自然保护区 莲花山风景林自然保护区
5%
甘肃省 临夏回族自治州 和政县
5%
甘肃省 平凉市 庄浪县
5%
广西壮族自治区 百色市 德保县
5%
广西壮族自治区 百色市 那坡县
5%
广西壮族自治区 防城港市 上思县
5%
广西壮族自治区 桂林市 恭城瑶族自治县
5%
广西壮族自治区 桂林市 平乐县
5%
广西壮族自治区 河池市 凤山县
5%
广西壮族自治区 河池市 大化瑶族自治县
5%
广西壮族自治区 柳州市 鹿寨县
5%
贵州省 安顺市 关岭布依族苗族自治县
5%
贵州省 黔东南苗族侗族自治州 剑河县
5%
贵州省 黔东南苗族侗族自治州 雷山县
5%
贵州省 黔南布依族苗族自治州 长顺县
5%
贵州省 黔南布依族苗族自治州 三都水族自治县
5%
贵州省 黔西南布依族苗族自治州 安龙县
5%
贵州省 遵义市 湄潭县
5%
河南省 平顶山市 湛河区
5%
河南省 商丘市 宁陵县
5%
黑龙江省 哈尔滨市 延寿县
5%
黑龙江省 哈尔滨市 通河县
5%
黑龙江省 牡丹江市 阳明区
5%
黑龙江省 齐齐哈尔市 克东县
5%
黑龙江省 双鸭山市 宝清县
5%
黑龙江省 绥化市 北林区
5%
黑龙江省 绥化市 青冈县
5%
湖北省 宜昌市 远安县
5%
江西省 抚州市 资溪县
5%
江西省 抚州市 崇仁县
5%
江西省 宜春市 宜丰县
5%
辽宁省 抚顺市 望花区
5%
辽宁省 阜新市 彰武县
5%
辽宁省 阜新市 细河区
5%
辽宁省 盘锦市 大洼区
5%
辽宁省 铁岭市 西丰县
5%
辽宁省 营口市 西市区
5%
内蒙古自治区 通辽市 奈曼旗
5%
内蒙古自治区 通辽市 库伦旗
5%
内蒙古自治区 乌兰察布市 商都县
5%
内蒙古自治区 乌兰察布市 化德县
5%
内蒙古自治区 兴安盟 扎赉特旗
5%
内蒙古自治区 兴安盟 突泉县
5%
青海省 果洛藏族自治州 班玛县
5%
青海省 海南藏族自治州 贵德县
5%
青海省 海南藏族自治州 贵南县
5%
青海省 海南藏族自治州 兴海县
5%
山西省 临汾市 安泽县
5%
陕西省 宝鸡市 金台区
5%
陕西省 铜川市 王益区
5%
四川省 乐山市 五通桥区
5%
四川省 乐山市 井研县
5%
四川省 凉山彝族自治州 布拖县
5%
四川省 凉山彝族自治州 普格县
5%
四川省 凉山彝族自治州 昭觉县
5%
四川省 眉山市 洪雅县
5%
四川省 眉山市 丹棱县
5%
四川省 眉山市 青神县
5%
四川省 南充市 高坪区
5%
四川省 雅安市 石棉县
5%
四川省 宜宾市 南溪区
5%
西藏自治区 阿里地区 革吉县
5%
西藏自治区 昌都市 贡觉县
5%
西藏自治区 昌都市 边坝县
5%
西藏自治区 日喀则市 白朗县
5%
西藏自治区 日喀则市 康马县
5%
西藏自治区 山南市 措美县
5%
新疆维吾尔自治区 喀什地区 英吉沙县
5%
新疆维吾尔自治区 克孜勒苏柯尔克孜自治州 阿合奇县
5%
新疆维吾尔自治区 塔城地区 托里县
5%
新疆维吾尔自治区 伊犁哈萨克自治州 巩留县
5%
云南省 楚雄彝族自治州 大姚县
5%
云南省 大理白族自治州 洱源县
5%
云南省 大理白族自治州 祥云县
5%
云南省 红河哈尼族彝族自治州 绿春县
5%
云南省 红河哈尼族彝族自治州 屏边苗族自治县
5%
云南省 怒江傈僳族自治州 兰坪白族普米族自治县
5%
云南省 曲靖市 沾益区
5%
云南省 曲靖市 麒麟区
5%
云南省 文山壮族苗族自治州 麻栗坡县
5%
云南省 玉溪市 江川区
5%
云南省 昭通市 绥江县
5%
云南省 昭通市 大关县
5%
甘肃省 临夏回族自治州 广河县
4%
甘肃省 临夏回族自治州 东乡族自治县
4%
甘肃省 太子山天然林保护区 太子山天然林保护区
4%
广西壮族自治区 百色市 乐业县
4%
广西壮族自治区 崇左市 扶绥县
4%
广西壮族自治区 崇左市 宁明县
4%
广西壮族自治区 崇左市 天等县
4%
广西壮族自治区 贵港市 覃塘区
4%
广西壮族自治区 河池市 环江毛南族自治县
4%
广西壮族自治区 来宾市 兴宾区
4%
广西壮族自治区 来宾市 忻城县
4%
广西壮族自治区 来宾市 武宣县
4%
广西壮族自治区 南宁市 上林县
4%
广西壮族自治区 南宁市 良庆区
4%
广西壮族自治区 玉林市 兴业县
4%
贵州省 安顺市 平坝区
4%
贵州省 毕节市 纳雍县
4%
贵州省 毕节市 赫章县
4%
贵州省 黔东南苗族侗族自治州 三穗县
4%
贵州省 黔东南苗族侗族自治州 施秉县
4%
贵州省 黔东南苗族侗族自治州 岑巩县
4%
贵州省 黔东南苗族侗族自治州 麻江县
4%
贵州省 黔东南苗族侗族自治州 丹寨县
4%
贵州省 黔南布依族苗族自治州 惠水县
4%
贵州省 黔南布依族苗族自治州 瓮安县
4%
贵州省 黔南布依族苗族自治州 罗甸县
4%
贵州省 黔西南布依族苗族自治州 普安县
4%
贵州省 黔西南布依族苗族自治州 晴隆县
4%
贵州省 黔西南布依族苗族自治州 贞丰县
4%
贵州省 遵义市 正安县
4%
贵州省 遵义市 凤冈县
4%
河南省 周口市 川汇区
4%
黑龙江省 鹤岗市 工农区
4%
黑龙江省 鸡西市 滴道区
4%
黑龙江省 牡丹江市 林口县
4%
黑龙江省 齐齐哈尔市 拜泉县
4%
黑龙江省 齐齐哈尔市 依安县
4%
黑龙江省 绥化市 兰西县
4%
黑龙江省 绥化市 明水县
4%
黑龙江省 伊春市 大箐山县
4%
黑龙江省 伊春市 汤旺县
4%
黑龙江省 伊春市 乌翠区
4%
黑龙江省 伊春市 伊美区
4%
湖北省 黄石市 下陆区
4%
湖北省 咸宁市 崇阳县
4%
江西省 萍乡市 上栗县
4%
辽宁省 本溪市 南芬区
4%
辽宁省 本溪市 明山区
4%
辽宁省 本溪市 溪湖区
4%
辽宁省 抚顺市 顺城区
4%
辽宁省 抚顺市 新抚区
4%
辽宁省 抚顺市 东洲区
4%
辽宁省 阜新市 清河门区
4%
辽宁省 阜新市 新邱区
4%
辽宁省 辽阳市 太子河区
4%
辽宁省 辽阳市 文圣区
4%
辽宁省 辽阳市 弓长岭区
4%
辽宁省 辽阳市 宏伟区
4%
辽宁省 盘锦市 双台子区
4%
辽宁省 盘锦市 兴隆台区
4%
内蒙古自治区 呼和浩特市 清水河县
4%
内蒙古自治区 乌兰察布市 兴和县
4%
内蒙古自治区 锡林郭勒盟 太仆寺旗
4%
内蒙古自治区 锡林郭勒盟 多伦县
4%
宁夏回族自治区 固原市 彭阳县
4%
宁夏回族自治区 吴忠市 利通区
4%
宁夏回族自治区 吴忠市 红寺堡区
4%
青海省 果洛藏族自治州 久治县
4%
青海省 果洛藏族自治州 达日县
4%
青海省 果洛藏族自治州 甘德县
4%
青海省 海南藏族自治州 同德县
4%
青海省 黄南藏族自治州 泽库县
4%
陕西省 咸阳市 淳化县
4%
四川省 巴中市 恩阳区
4%
四川省 广元市 昭化区
4%
四川省 广元市 旺苍县
4%
四川省 广元市 苍溪县
4%
四川省 乐山市 夹江县
4%
四川省 乐山市 沐川县
4%
四川省 凉山彝族自治州 会东县
4%
四川省 凉山彝族自治州 德昌县
4%
四川省 凉山彝族自治州 宁南县
4%
四川省 泸州市 龙马潭区
4%
四川省 绵阳市 盐亭县
4%
四川省 遂宁市 蓬溪县
4%
四川省 宜宾市 筠连县
4%
四川省 资阳市 雁江区
4%
西藏自治区 昌都市 洛隆县
4%
西藏自治区 昌都市 察雅县
4%
西藏自治区 那曲市 班戈县
4%
西藏自治区 那曲市 聂荣县
4%
西藏自治区 那曲市 申扎县
4%
西藏自治区 日喀则市 昂仁县
4%
西藏自治区 山南市 加查县
4%
西藏自治区 山南市 曲松县
4%
西藏自治区 山南市 洛扎县
4%
西藏自治区 山南市 扎囊县
4%
西藏自治区 山南市 桑日县
4%
新疆维吾尔自治区 阿克苏地区 沙雅县
4%
新疆维吾尔自治区 阿克苏地区 拜城县
4%
新疆维吾尔自治区 阿克苏地区 阿瓦提县
4%
新疆维吾尔自治区 阿克苏地区 柯坪县
4%
新疆维吾尔自治区 喀什地区 麦盖提县
4%
新疆维吾尔自治区 喀什地区 岳普湖县
4%
新疆维吾尔自治区 塔城地区 裕民县
4%
新疆维吾尔自治区 塔城地区 和布克赛尔蒙古自治县
4%
新疆维吾尔自治区 塔城地区 额敏县
4%
云南省 保山市 龙陵县
4%
云南省 保山市 隆阳区
4%
云南省 楚雄彝族自治州 姚安县
4%
云南省 楚雄彝族自治州 南华县
4%
云南省 大理白族自治州 弥渡县
4%
云南省 大理白族自治州 宾川县
4%
云南省 德宏傣族景颇族自治州 盈江县
4%
云南省 德宏傣族景颇族自治州 梁河县
4%
云南省 红河哈尼族彝族自治州 元阳县
4%
云南省 昆明市 寻甸回族彝族自治县
4%
云南省 昆明市 禄劝彝族苗族自治县
4%
云南省 昆明市 富民县
4%
云南省 临沧市 双江拉祜族佤族布朗族傣族自治县
4%
云南省 临沧市 永德县
4%
云南省 临沧市 临翔区
4%
云南省 普洱市 西盟佤族自治县
4%
云南省 普洱市 景谷傣族彝族自治县
4%
云南省 普洱市 镇沅彝族哈尼族拉祜族自治县
4%
云南省 普洱市 宁洱哈尼族彝族自治县
4%
云南省 曲靖市 师宗县
4%
云南省 文山壮族苗族自治州 富宁县
4%
云南省 文山壮族苗族自治州 马关县
4%
云南省 文山壮族苗族自治州 西畴县
4%
云南省 玉溪市 峨山彝族自治县
4%
云南省 玉溪市 华宁县
4%
云南省 玉溪市 易门县
4%
云南省 昭通市 彝良县
4%
云南省 昭通市 威信县
4%
云南省 昭通市 永善县
4%
甘肃省 平凉市 崇信县
3%
广西壮族自治区 来宾市 金秀瑶族自治县
3%
广西壮族自治区 柳州市 融水苗族自治县
3%
广西壮族自治区 玉林市 福绵区
3%
贵州省 安顺市 西秀区
3%
河南省 漯河市 源汇区
3%
黑龙江省 鸡西市 麻山区
3%
黑龙江省 鸡西市 城子河区
3%
黑龙江省 佳木斯市 汤原县
3%
黑龙江省 佳木斯市 桦川县
3%
黑龙江省 七台河市 桃山区
3%
黑龙江省 双鸭山市 四方台区
3%
黑龙江省 双鸭山市 岭东区
3%
黑龙江省 双鸭山市 尖山区
3%
黑龙江省 绥化市 望奎县
3%
黑龙江省 伊春市 南岔县
3%
黑龙江省 伊春市 丰林县
3%
黑龙江省 伊春市 金林区
3%
青海省 海东市 循化撒拉族自治县
3%
四川省 泸州市 纳溪区
3%
四川省 南充市 营山县
3%
四川省 遂宁市 安居区
3%
西藏自治区 日喀则市 仁布县
3%
新疆维吾尔自治区 阿克苏地区 新和县
3%
新疆维吾尔自治区 伊犁哈萨克自治州 尼勒克县
3%
新疆维吾尔自治区 伊犁哈萨克自治州 察布查尔锡伯自治县
3%
云南省 保山市 昌宁县
3%
云南省 保山市 施甸县
3%
云南省 楚雄彝族自治州 永仁县
3%
云南省 楚雄彝族自治州 牟定县
3%
云南省 楚雄彝族自治州 双柏县
3%
云南省 大理白族自治州 南涧彝族自治县
3%
云南省 德宏傣族景颇族自治州 陇川县
3%
云南省 临沧市 耿马傣族佤族自治县
3%
云南省 临沧市 镇康县
3%
云南省 临沧市 凤庆县
3%
云南省 普洱市 景东彝族自治县
3%
云南省 玉溪市 新平彝族傣族自治县
3%
No matching quizzes found
Score Distribution
Percent of People with Each Score
Percentile by Number Answered
Your Score History
You have not taken this quiz